Pasodobles Españoles - Estadísticas

Estadísticas generales
  • Esta prueba ha sido intentada 17 veces
  • La puntuación promedio es 28 de 1818
Estadísticas de respuestas
Autor Obra % Correcto
Jaime Texidor Dalmau Amparito Roca
73%
Antonio Álvarez Alonso Suspiros de España
67%
Evaristo Fernández Blanco España
60%
Loreto Perrini Espana
60%
Salvador Salvá Sapena Xàbia
60%
Manuel Penella Moreno El Gato Montés
53%
Rafael Moreno Morente El Tercio
53%
Pascual Marquina Narro España Cañí
53%
Loreto Perrini Fiesta
53%
Rafael Talens Pelló Tercio de Quites
53%
Rafael Doménech Pardo Fiesta en Benidorm
47%
Genaro Monreal Lacosta Campanera
40%
Tomás Olcina Ribes y Salvador Salvá Sapena El Tío Ramón
40%
Gustavo Pascual Falcó Paquito el Chocolatero
40%
Godofredo Garrigues Perucho Tomás Ferrús
40%
José Padilla Sánchez | Santiago Lope Gonzalo Valencia
40%
José Aparicio Peiró Educandos de Benejuzar
33%
José Calixto Serrano Simeón El Fallero
33%
Juan Calatayud Castelló Febrer
33%
Elvira Checa Agüero La Puerta Grande
33%
Bernabé Sanchís Porta Pérez Barceló
33%
Emilio Cebrián Ruiz Ragón Falez
33%
Martín Alonso Pérez Alfara de Algimia
27%
Manuel Carrascosa García Francisco Bravo
27%
Quintín Esquembre Saenz La Entrada
27%
Vicente Portolés Tomás Morenito de Valencia
27%
Manuel Rojas Tirado Nerva
27%
Francisco Asenjo Barbieri Pan y Toros
27%
Pascual Marquina Narro | Quintín Esquembre Saenz Villena
27%
Gaspar Ángel Tortosa Urrea 75 Aniversario de los Andaluces
20%
Tomás Olcina Ribes Aitana
20%
Óscar Navarro González Andrés Contrabandista
20%
Antonio Ramón Carrillos Colomina Caridad Guardiola
20%
Emilio Cebrián Ruiz Churumbelerías
20%
Valentín Ruíz Gómez Como las Propias Rosas
20%
Francisco José Martínez Gallego Cris
20%
Pascual Marquina Narro Ecos Españoles
20%
Francisco Almagro Herrera El Cordobés
20%
Manuel López-Quiroga Miquel Francisco Alegre
20%
Santiago Lope Gonzalo Gallito
20%
José Teruel Vidal José Luis Valero
20%
Manuel Morales Martínez Las Arenas
20%
Manuel Morales Martínez Música y Vinos
20%
Antonio Ramón Carrillos Colomina Pepe Antón
20%
Reveriano Soutullo Otero Puenteareas
20%
Joaquín Montañés Castellano Agárrate Saxo
13%
Bernabé Sanchís Porta Aires Llevantins
13%
Juan José Poveda Romero Alba
13%
Antonio Ramón Carrillos Colomina Alcalde i Músic
13%
Antonio Tomás Vargas Gris | Óscar Navarro González Alegría
13%
Juan Manuel Molina Millá Alegría Agostense
13%
Mariano Puig Yagó Ateneo Musical
13%
Pascual Marquina Narro | Rafael Gascón Aquilué Cielo Andaluz
13%
José Calixto Serrano Simeón Del Perelló a Catarroja
13%
Ernesto Marquina Narro De Madrid al Cielo
13%
Alfredo Javaloyes López El Abanico
13%
José Domingo Castillo Navarro | José Ibáñez Barrachina | Miguel Villar González El Abuelo
13%
Camilo Pérez Laporta El Capitán
13%
Miguel Torrens Escrivá Els Poblets
13%
Ricardo Dorado Janeiro El Tío Caniyitas
13%
Juan Quintero Muñoz y Jesús Fernández Lorenzo En er Mundo
13%
Pascual Marquina Narro España Cañón
13%
Miguel Picó Biosca Fet a Posta
13%
Santiago Lope Gonzalo Gerona
13%
Eduardo López Juarranz La Giralda
13%
Ramón Roig i Torné La Gracia de Dios
13%
Cristobal Mora Santos L' Entra
13%
Pedro Sosa López Lo Cant del Valencià
13%
Pedro Arana Castillo Lola
13%
Pedro Orozco González Manolete
13%
Godofredo Garrigues Perucho Operador
13%
Francisco José García García Pasan las Ballesteras
13%
Manuel Carrascosa García Pasan los Ballesteros
13%
Alfred Reed Paso Doble
13%
Antonio Ramón Carrillos Colomina Pepe el Fester
13%
Pascual Pérez Chovi Pepita Greus
13%
Salvador Salvá Sapena Quelo
13%
Miguel Picó Biosca Royel
13%
José Rafael Pascual Vilaplana Sara
13%
José Pérez Vilaplana Segrelles
13%
Francisco Javier Castaños Aragorri Urioste y Olavide | Julio Murillo Alzuria | Santiago Lope Gonzalo Triana
13%
Enrique Ros Sanlucas Vicente Ruiz
13%
Santiago Lope Gonzalo Vito
13%
Mario Roig Vila Adrià
7%
Reginaldo Barberá Jornet Agost
7%
Vicente Costa Nogueras Alcoy
7%
Abel Moreno Gómez Al Litri
7%
Alfredo Martos Gómez | Juan Manuel Sánchez Erdozain Andalucía
7%
Francisco José Martínez Gallego Ángel
7%
Octavio José Peidró Padilla A San Antón
7%
Antonio Ramón Carrillos Colomina A Tito
7%
Andrés Pérez Bernabé | José Carlos Luján Artero Azahar
7%
Carlos Rodríguez Torres Bagaxes
7%
Pascual Marquina Narro Brisas de Málaga
7%
José Franco y Ribate Camino de Rosas
7%
Antonio Quintero Ramírez Capote de Grana y Oro
7%
Francisco Esteve Pastor Carol l'Orgull dels Agüelos
7%
Pascual Marquina Narro Certamen Levantino
7%
Enrique García Rey Churrusqueira
7%
Carlos Rodríguez Torres Clara Fernández
7%
Enrique Calvist y Serrano Colón
7%
José María Martín Domingo Corazón Gitano
7%
Ramiro Ruíz Gandía y Manuel Carrascosa García Cristianos de Villena
7%
Héctor Guerrero Navarro Cristina
7%
Vicente Julio Ortiz Gimeno Cristina Pastor
7%
Tomás Fernández Grajal Currito de la Macarena
7%
Ginés Sánchez Torres | Juan José Puntas Fernández Curro Romero
7%
Santiago Lope Gonzalo Dauder
7%
Florencio Ledesma Estrada y Rafael Oropesa Clausín Domingo Ortega
7%
Pío Estanislao Federico Chueca y Robres El Bateo
7%
José Vicente Egea Insa El Camino
7%
Manuel Lillo Torregrosa El Capote
7%
Josep Doménec Cano Gracià Festa Major
7%
Francisco Signes Castelló Festa Plena
7%
José de la Vega Sánchez Fiesta Taurina
7%
Pascual Pérez Chovi Flores de España
7%
Loreto Perrini Gaia
7%
Ramón García i Soler Gaudium!
7%
Loreto Perrini | Vicente Llorens Ortiz Gloria
7%
Rogelio Groba Groba Guláns
7%
Josep Maria Tarridas i Barri Islas Canarias
7%
Antonio Manzano Vázquez Jaén
7%
Manuel Navarro Mollor José Tomás
7%
Miguel Picó Biosca Jover
7%
Ignacio Sánchez Navarro Juanito el Jarri
7%
José Beteta Martínez La Banda 2014
7%
Francisco Alonso López La Calesera
7%
Perfecto Artola Prats La Concha Flamenca
7%
Miguel Asins Arbó La Flor del Taronger
7%
José María Martín Domingo Lagartijilla
7%
Carlos Castellano Gómez La Morena de mi Copla
7%
Francisco Signes Castelló Lara Sos Boix
7%
Francisco José Martínez Gallego Larga Cordobesa
7%
Amando Blanquer Ponsoda La Romana
7%
Vicente Terol Gandía y Arturo Terol Gandía Las Provincias
7%
Luis Araque Sancho La Tuna Pasa
7%
Bernardo Bautista Monterde La Virgen de la Macarena
7%
Francisco Alonso López Los Nardos
7%
Sergio Mira Jordán Luis
7%
Pedro Morales Muñoz Maestranza Sevillana
7%
Francisco Signes Castelló Magdalena 1990
7%
Godofredo Garrigues Perucho Manuel
7%
José María Martín Domingo Marcial, Eres el más Grande
7%
Julio Laporta Hellín Mi Barcelona
7%
Juan Manuel Molina Millá Novelda
7%
Luis Araque Sancho Ópera Flamenca
7%
Ignacio Sánchez Navarro Orgullo Santiaguista
7%
Ramón García i Soler Pepe el Rompe
7%
Francisco Signes Castelló Per Sempre Moros
7%
Daniel Vela Roy Plaza de la Maestranza
7%
Manuel Lillo Torregrosa Plaza de las Ventas
7%
Florencio Ledesma Estrada y Rafael Oropesa Clausín Por la Puerta Grande
7%
Antonio Gisbert Espí Primavera
7%
Antón Alcalde Rodríguez Prost!
7%
Juan Manuel Molina Millá Rocío
7%
Pascual Marquina Narro Rubores
7%
Francisco Signes Castelló Salvador Guinot
7%
Ramón García i Soler Serrano
7%
Isaac Manuel Francisco Albéniz y Pascual | José Font de Anta Sevilla
7%
Pascual Marquina Narro Solera Andaluza
7%
Francisco Esteve Pastor Tayo
7%
Francisco Signes Castelló Torreblanqueríes
7%
Rafael Talens Pelló Traner
7%
Luis Martí Alegre Valencianeta
7%
Rafael Doménech Pardo Vicente Marín
7%
Antonio Milán Juan 125 Aniversario de los Corsarios
0%
Manuel Carrascosa García 150 Años de Moros Viejos
0%
Ferrán Sanchís Gandía 150 Anys
0%
José Seva Cabrera 1899
0%
Enrique Alborch Tarrasó 1903
0%
Enrique Alborch Tarrasó 21 Contrabandistes
0%
Raúl Fuentes Ferrer 21 de Julio
0%
Camilo Pérez Monllor 24 de Septiembre de 1810
0%
Hilario Olivas Fernández 25 Aniversario
0%
Joseph Magri 26 ta' Frar 1994
0%
Miguel Villar González 3 de Mayo
0%
José Domingo Castillo Navarro 4 de Marzo
0%
Francisco Asis Valor Llorens 9 del Ravalet
0%
Fernando Esteban Bonete Piqueras | Juan Carlos Sempere Bomboí 9 d' Octubre
0%
Antonio Candel Candel Abanderadas
0%
Miguel Villar González Abanilla en Fiestas
0%
Loreto Perrini Accademia
0%
Fernando Ferrer Martínez (Ferrer Ferrán) Actualidad Fallera
0%
Loreto Perrini Addriatica
0%
Francisco Grau Vegara Adela Baragaño
0%
Damián Molina Beneyto Adelum Musical
0%
Ademar Álvarez Álvarez Adios Tomiño
0%
Salvador Chuliá Hernández Adriadna Hernández
0%
Attilio Rucano | Pascual Peris Chirivella Adriana
0%
Eugenio Gómez García Adrián Gómez
0%
Juan Carlos Sempere Bomboí Afar Mosem
0%
Francisco Jordá Biosca A Font de la Figuera
0%
Indalecio Fernández Groba A Freixa
0%
Manuel Abelleira Abelleira Agarimo
0%
Luis Araque Sancho Agolada
0%
Antonio Ribera Soler Agrupació Musical d'Agullent
0%
Francisco Moreno Ginés Agrupació Musical de Veterans de la Ribera del Xúquer
0%
José Jesús Martínez Espuig Agrupación Musical Carrera Fuente de San Luis
0%
Enrique Alborch Tarrasó Agrupats
0%
Pío Estanislao Federico Chueca y Robres Agua, Azucarillos y Aguardiente
0%
Ginés Torrano Soler Águilas, Paraíso del Mediterráneo
0%
Adolfo Olivares Soto Aguileño
0%
Justo Blasco Compans Agustina de Aragón
0%
Miguel Ángel Ibiza Zaragozá Ainhoa
0%
Juan Manuel Cutiño Garrido Aires de Fiesta
0%
Miguel Castillo Alfonso Aires del Terruño
0%
Godofredo Garrigues Perucho Aires del Vinalopó
0%
Adonis Ferreiro Garcia Aires de Pontevedra
0%
Juan Amador Jiménez Aires de Romería
0%
Ramón Mas López Aires Levantinos
0%
Cristian Yuste Valero Aitana Soria
0%
José María Valls Satorres Aixà i Forcat
0%
José Rafael Pascual Vilaplana Al Abed Alkasar
0%
José Domingo Castillo Navarro ¡A la Española!
0%
José María Valls Satorres A la Filà Mirons
0%
Inocente González Martí Alagonenses 2010
0%
Miguel Villar González Alagoneses
0%
Josep Miquel Martínez Giménez Alalimón
0%
José Hugo Martínez Chinesta (Hugo Chinesta) A la Lluna de Navarra
0%
Francisco Asis Valor Llorens A la Meua Banda
0%
Mario Roig Vila A la Pau de Beneixama
0%
Fernando Penella Vicens Alaquás
0%
Santiago Arnaldo Quinto Serna Alarbadero
0%
Fernando Esteban Bonete Piqueras Albacete
0%
Luis Aranque Sancho Albahaca
0%
Santiago Peláez Noguera Albaladejo
0%
Miguel Gimeno Puchalt Albarracín
0%
Luis Megías Castilla Albaycín en Fiestas
0%
Francisco José García García Alba y Susana
0%
José Nieto Lardón y Lorenzo Gallego Castuera Albero Flamenco
0%
Rafael Talens Pelló Alcalde Ernesto Sanjuán
0%
Fernando Ferrer Martínez (Ferrer Ferrán) Al Centenario
0%
Eloy García López Al Compás de la Unión Musical
0%
José Pérez Vilaplana Al Contrabando
0%
Ricardo Dorado Janeiro Alcoy en Fiestas
0%
Manuel Turrillas Ezcurra Aldapa
0%
Mario Santiago Vázquez Aldo Bolaños
0%
Jorge Adrián Moragues Rubio Alegre Despertar
0%
Óscar Vicente Vidal Belda Alegría Rebelde
0%
Carlos David Perales Cejudo Alegrías
0%
Luciano Ramalli Bariloni Alegrías de Jerez
0%
Lorenzo Torres Nin Alegrías del Ebro
0%
José Alfosea Pastor Alegrías Taurinas
0%
José Beteta Martínez Alejandro Ramón i Bernabé
0%
Emilio Pedro Mallol Aicart Alejandro Rodríguez
0%
Gonzalo Ortolà Marí | Vicente Cortés Fernández Alerta
0%
Pasquale Ruggiero Alessia
0%
Francisco Higuero Rosado Alfacar
0%
Florencio Ledesma Estrada y Rafael Oropesa Clausín Alfredo Corrochano
0%
Ramón Choví Soler Al General Riquelme
0%
Manuel Carrascosa García Algo muy Diferente
0%
Vicent Pérez Esteban Alhambra Villenera
0%
Manuel Lillo Torregrosa Alicia Garcerán
0%
Narciso Lico Carrillo Alma
0%
Ramón Martínez Segura Alma Carcagentina
0%
Gaspar Ángel Tortosa Urrea Alma de Fiesta
0%
José Hugo Martínez Chinesta (Hugo Chinesta) Alma de Toro
0%
Juan Francisco Chaves González Al Maestro Antonio Cotolí
0%
Miguel Ángel Mas Mataix Alma Gitana
0%
Pedro Benito Pancorbo Zafra y Juan Chica Moral Alma Jaenera
0%
Antonio Ramón Carrillos Colomina Almoradí
0%
Manuel Lillo Torregrosa Almorsarets Sanvicenteros
0%
Timoteo de Urrengoechea Gomeza Almuñécar
0%
Loreto Perrini Alpina
0%
Santiago Revert Cantó Al Pintoret
0%
Felipe Moral Serrano Al Pueblo de Sax
0%
Lorenzo Luis Yanguas Al Quiebro
0%
Francisco Cerdà Albiñana Als Bandolers
0%
Mario Roig Vila Al Senyor Paco
0%
Rafael Mullor Grau Als Llaneros Dianers
0%
Pascual Peris Chirivella Als Meus Nets
0%
Antonio Ramón Carrillos Colomina Als Pirates de Mutxamel
0%
Juan José Poveda Romero Alta Mar
0%
Fernando Esteban Bonete Piqueras Altanero
0%
Fernando Penella Vicens Altea la Vella
0%
Antonio Ramón Carrillos Colomina Altozano en Fiestas
0%
José Carbonell García Altruismo y Gratitud
0%
Raúl Martín Niñerola Álvaro
0%
Miguel Macián Cervelló Álvaro Amores
0%
José María Martín Domingo Álvaro Domecq
0%
Jesús Vioque Lara Álvaro García
0%
José Beteta Martínez Álvaro Ramón i Ricci
0%
Vicente Francisco Chuliá Ramiro Al XXV Aniversario
0%
Ramón García i Soler Amado
0%
Juan José Poveda Romero A María
0%
Josep Doménec Cano Gracià Ambrós
0%
Vicente Barases Javaloyes Amedeo Carboni
0%
José Quiles Simón Amelín
0%
Eugenio Gómez García Ami
0%
Manuel Morales Martínez A mi Abuelo Leandro
0%
Manuel Carrascosa García A mi Buñol
0%
Miguel Ángel Sarrió Nadal Amic i Mestre
0%
Carlos Antonio Valles Donate Amics de la Música
0%
Francisco José Martínez Gallego Amigas de la Armónica
0%
Fernando Esteban Bonete Piqueras Amigos del Caballo
0%
Antonio Milán Juan Amigos de San Blas
0%
Roque Baños López A mi Madre
0%
Joaquín Grau Murcia Amimata
0%
Francisco Esteve Pastor A mi Muro
0%
Fernando Esteban Bonete Piqueras Amithe
0%
Agustín Judas Castelló Amparín Albiach
0%
Pedro José Viso Roger Amparo Fernández
0%
Manuel Morales Martínez Amparo Mir
0%
Fernando Ferrer Martínez (Ferrer Ferrán) Amunt Pirris
0%
Eugenio Gómez García Ana Alvarado
0%
Félix Ruiz González Ana Isabel Dorado
0%
Gabriel Gustavo Núñez Pérez Ana María Etchartea
0%
Santiago Revert Cantó Ana Micó
0%
Sergio Tortajada Gómez Ana Rosa Escuín
0%
Salvador Chuliá Hernández A Navajas
0%
Josep Doménec Cano Gracià Andrés Teuler
0%
Pedro Arana Castillo Andrés Valero
0%
José Beteta Martínez Andriu
0%
Luis Miñana Torres Andújar
0%
Francisco José Martínez Gallego Ángela
0%
Bernabé Sanchís Porta Ángel Asunción
0%
Josep Miquel Martínez Giménez Ángeles Alos
0%
Felipe Moral Serrano | Santiago Lope Gonzalo Angelillo
0%
José Carlos Seráns Olveira Angrois
0%
Luis Araque Sancho Aníbal
0%
Josep Doménec Cano Gracià A Ningú que li Passe
0%
José Domingo Castillo Navarro Anís, Coñac y Menta
0%
Gaspar Ángel Tortosa Urrea Aniversario de la Comparsa de Labradores
0%
Rafael Alcaráz Ramis Añorando a Muro
0%
Fernando Tormo Ibáñez Antañona
0%
Enrique Hernandis Martínez Antic Musical
0%
Juan Alborch Miñana Antología
0%
Gaspar Ángel Tortosa Urrea Antonio Aguilera
0%
Sergio Mira Jordán Antonio Agulló, Caliqueño y Cocinero
0%
Francisco José Villaescusa López Antonio Amorós
0%
Fernando Ferrer Martínez (Ferrer Ferrán) Antonio Estevan López
0%
Óscar Navarro González Antonio Estevan López y María Gil Herrero
0%
Raúl Moreno Gómez Antonio Herrero
0%
Juan Carlos Gamino Rodríguez Antonio Lozano
0%
Francisco Esteve Pastor Antonio Mompean
0%
José Sapena Matarredona Antonio Ortiz
0%
Enrique Moya Castro Antonio Robles
0%
Guzmán Cárcel Pedro Antonio Rojas
0%
Manuel Navarro Mollor Antonio Rosales
0%
Miguel Rodrigo Tamarit Antonio Ruiz
0%
Aurelio Pérez Perelló Antonio Vercher
0%
Rafael Moreno Morente A Orillas del Darro
0%
Felipe Blanco Aguirre Aquí está el Viti
0%
Luis Araque Sancho Aquí, Zaragoza
0%
Manuel Lillo Torregrosa Aragó Bernabeu
0%
José Miguel Osuna Aras Aras Capella
0%
Enrique Pastor Celda Arcos de San Juan de Duero
0%
Víctor Alfaro Gutierrez Armando Jarana
0%
Pablo Sánchez Torrella Armando Serra
0%
José Melchor Perelló Lavilla Armilla
0%
Manuel Rojas Tirado Aroche
0%
Antonio Ramón Carrillos Colomina Aromas Relleuenses
0%
Ricardo Boronat Gerardo Arre Borriquito
0%
Narciso Lico Carrillo Artesanos
0%
Miguel Ángel Mas Mataix Arturo Tresáncoras
0%
Santiago Arnaldo Quinto Serna A Santa Cecilia
0%
Juan Francisco Sanjuán Rodrigo A Santiago Vicent
0%
Antonio Milán Juan Asensio Navarro
0%
Fernando Lastra Sánchez Así es mi Granada
0%
Javier Pérez Garrido Asociación Musical El Castillo
0%
José Francisco Marco Ramos Asociación Musical Talense
0%
Eugenio Gómez García Asociación Taurina
0%
Attilio Rucano Aspromonte
0%
León María Andrés José Ferreté Asturias
0%
Rafael Ferrús Villar Asunción Villar
0%
Pedro Joaquín Francés Sanjuán Atalaya Almogavar
0%
Francisco José García García Atalayense
0%
Rafael Oropesa Clausín Atarfeño
0%
Vicente Julio Ortiz Gimeno Ateneo Musical Schola Cantorum
0%
José Insa Martínez Ateneu Musical Contestà
0%
Enrique Alborch Tarrasó Athênaeum
0%
Ramón García i Soler Athenaeus 1932
0%
Enrique Ros Sanlucas A ti, Marcos
0%
José Vicente Egea Insa A Trenc d' Alba
0%
Quintín Esquembre Saenz Auras de Andalucía
0%
Raúl Martín Niñerola Aviñó
0%
Joseph Magri Awguri
0%
Juan Amador Jiménez Ayamonte
0%
Genaro Monreal Lacosta ¡Ay, mi Sombrero!
0%
Manuel Navarro Mollor Azabache y Oro
0%
Ramón García i Soler Azenet 1238
0%
Iván González García Azorín
0%
Aurelio Pérez Perelló Azucena
0%
Francisco José García García Azurinas
0%
Martín Morales Lozano Baeza
0%
Jesús Ufano Cervantes Baidal
0%
Carlos Castellano Gómez Bajo mi Cielo Andaluz
0%
Bernardo Adam Ferrero Ball de l' Espill i Jota dels Castelluts
0%
Godofredo Garrigues Perucho Bañares
0%
Ramón Femenía Sánchez Banda de Música Villa de Madrid
0%
Santiago Barreira Davila Banda Escola
0%
Felisindo Pérez Seara Banda Galega
0%
Juan Gonzalo Gómez Deval Banda Municipal de Bajadoz
0%
Rafael Talens Pelló Banda Municipal de Valencia
0%
Javier Tapia Jiménez Bandber
0%
Mario Roig Vila Bandolera
0%
Santiago Revert Cantó Bandolerías
0%
Marino García González Bandurrias y Castañuelas
0%
Quintín Esquembre Saenz Barajas
0%
Antonio Ramiro Soto Barcarrota
0%
Juan Serrano Marqués Barquerito
0%
Antonio Milán Juan Barragán
0%
José Martí Alegre Barrera
0%
Francisco García Espinosa Beas de Segura
0%
Rafael Doménech Pérez Beatriz Alós
0%
Eduardo Sala Albelda Beatriz Belda
0%
Felipe Galera Mullor Begoña
0%
Saül Gómez Soler Begoña Jiménez
0%
Manuel Navarro Mollor Benalmádena
0%
José Gómez Villa Benalúa
0%
Juan Enrique Canet Todolí Benicadell
0%
Bernabé Sanchís Porta Benifaió
0%
Gregorio Castellano Castellano Benisanó
0%
José Domingo Castillo Navarro Bentarique
0%
Gustavo Pascual Falcó Bequeteros a Ratllar
0%
Rafael Doménech Pardo Bernabé Sanchís
0%
Pascual Peris Chirivella Bernia
0%
José Vicente Egea Insa Beto
0%
Miguel Asins Arbó Biba la Banda
0%
Manuel Carrascosa García Bien por los Nazaríes
0%
Miguel Ángel Ibiza Zaragozá Blai
0%
Rafael Gascón Aquilué Blanchet
0%
Rafael Gascón Aguilue Blanquito
0%
Miguel Ángel Martín Hernández Blas, Tiempo de Pasodoble
0%
Manuel Lillo Torregrosa Boadilla del Monte
0%
Felipe Moral Serrano | Inocente González Martí Bodas de Oro
0%
Miguel Villar González Bodas de Plata
0%
José Pérez Vilaplana Bohemios del 29
0%
Pedro Jesús Martínez Cubillas Bordaero
0%
Antonio Ramón Giménez Cerezo Bous d' Algemesí
0%
Fernando Ferrer Martínez (Ferrer Ferrán) Bravo Mestre
0%
Tomás Redondo Ortega Brincadeira
0%
Pablo Sorozábal Mariezkurrena Brindis
0%
Andrés Valero García Brindo al Siete
0%
Manuel Iglesias Domínguez Brisas Arosanas
0%
Felipe García Atienzar Brisas del Cerrón
0%
Juan Pagán López Brisas del Segura
0%
Iñaki Lecumberri Camps Brisas del Tea
0%
Francisco Esteve Pastor Brisas de Mariola
0%
Luis Megías Castilla Buenaventura Cañí
0%
Luis González Ñarro (R. Geyer) Buen Cartel
0%
Juan Manuel Cutiño Garrido Cabalgante Ortiz
0%
Antonio Ramón Carrillos Colomina Caballeros del Rey Jaime I de Altozano
0%
Manuel Navarro Mollor Caballo Ligero
0%
Manuel Lillo Torregrosa Café de Caldas
0%
Francisco José Martínez Gallego Caixa Almassora
0%
Enrique Lorenzo Vila Calabuig Prado
0%
José Luis Represas Carrera Calamber
0%
Miguel Villar González Calatrava
0%
Carlos Pellicer Andrés Calavia
0%
Enrique Melio Rey Caldas de Reis
0%
Francisco Codoñer Pascual Calle Abajo
0%
Eric Coates Calling all Workers
0%
José Vicente Asensi Seva Callosa en Festes
0%
Fernando Penella Vicens Calpe
0%
Francisco José Martínez Gallego Camí al Castell
0%
Antonio Escribano Ortega Caminando
0%
José Carbonell García Campanario de mi Pueblo
0%
José María Ruiz de Azagra Sanz Campanas de la Giralda
0%
Luis Megías Castilla Campeón
0%
Rafael Prado Pérez Campofrío
0%
Pascual José Piqueras Cabanillas Cándido
0%
Sergio Mira Jordán Canisio, un Home de Sant Roc
0%
José Escobar Flores Canta Extemeño, Canta
0%
Enrique García Rey Canta Merza
0%
Ignacio Fernández Sánchez y Emilio Lehmberg Ruiz Cántame un Pasodoble Español
0%
Bernardo del Río Parada Cantigas e Agarimos
0%
Antonio Sendra Cebolla Canto a Levante
0%
Fernando Ferrer Martínez (Ferrer Ferrán) Canto a UNICEF
0%
Enrique Alborch Tarrasó Capità Just
0%
José Ibáñez Barrachina Capitán Barbarroja
0%
Alejandro Samper Baidez Capitanías de Elda
0%
Narciso Lico Carrillo Capullito
0%
Gustavo Freire Penelas Carballeira
0%
Gaspar Ángel Tortosa Urrea Cargos Festeros
0%
Antonio Milán Juan Caribes
0%
Eugenio Gómez García Carlos Gallego
0%
Eugenio Gómez García Carlos Martín Santoyo
0%
Josep Doménec Cano Gracià Carlos Milán
0%
Eugenio Gómez García Carlos Villacastín
0%
Javier Pérez Garrido Carmen Checa Jiménez
0%
Enrique Alborch Tarrasó Carmen i Enrique
0%
Javier Martínez Campos Carmen Monzonís Valero
0%
José Luis Molina Gomis Carmen Picó
0%
José Insa Martínez Carmen Platero
0%
Fernando Esteban Bonete Piqueras Carmen Sancho de Rosa
0%
Héctor Guerrero Navarro Carmen Trillo
0%
Manuel Morales Martínez Carmesina
0%
Jaime Texidor Dalmau Carrascosa
0%
Juan Jesús Barberá Fontana Càrrecs del Cid
0%
Alejandro Oliver Muncharaz Carrer Major
0%
Francisco José García García Carretas
0%
David Flores Parra Carrusel Provenciano
0%
José Vicente Egea Insa Casa de Rosas
0%
Antonio Ramón Carrillos Colomina Casa Don Bernardo
0%
Bernabé Sanchís Porta Casal Faller
0%
Gabriel Lucas Pérez Cascante
0%
Luis Megías Castilla Castañuelas
0%
Manuel Lillo Torregrosa Castilla La Mancha
0%
Manuel Morales Martínez Castillo de Chiva
0%
Miguel Villar González Castillo de Petrel
0%
Aniceto Giner Arranz Castrileño
0%
Francisco José García García Cati Micó
0%
Rafael Manuel Garrigós García Cavalcada de Nadal
0%
Loreto Perrini Ceciliana
0%
Ramón García i Soler Cent Anys
0%
Rafael Mullor Grau Cent Anys d' Unió
0%
Rafael Talens Pelló Cent Anys Noble i Liberal
0%
Ramón García i Soler Centenari Musical
0%
Manuel Carrascosa García Centenario de El Litro
0%
Joseph Magri Centuary Celebrations
0%
Louis Guillaume Guglielmi Cerezo Rosa
0%
Andrés Valero Castells Certamen de Elda, XXX Aniversario
0%
Eugenio Gómez García César Jiménez
0%
Attilio Rucano Cesate
0%
Luis Araque Sancho Cha Cha Chá Flamenco
0%
Francisco José Martínez Gallego Chama
0%
Eduardo Fuentes Oejo Amaya Charrerías
0%
Fernando Tormo Ibáñez Ché
0%
Luis Vega Quiñonez, Rafael Oropesa Clausín y Antonio Carmona Amaya Chiclanera
0%
Rafael Doménech Pérez Chic Mambo
0%
Rufino Martínez Ramiro Chicuelito
0%
Pedro Gil Lerín Chicuelo de Albacete
0%
Antonio Guillén Posteguillo Chimo Sánchez
0%
Gonzalo Ortolà Marí Chisperos y Manolas
0%
Gregorio Casasempere Juan Chordiet
0%
Joaquín Grau Murcia Chumbe Toro
0%
Rafael Moreno Morente Churriana
0%
Santiago Arnaldo Quinto Serna Cien Años de Suspiros
0%
Juan Alberto Martínez Aguilera Cijuela
0%
Manuel Turrillas Ezcurra Cinco Pamplonicas
0%
Manuel Rodríguez Rodríguez Cintas
0%
Emilio Tomás Aragón Álvarez Circo Mix
0%
Moisés Martín Tacuri García y Eugenio Gómez García Cirujano Taurino
0%
Manuel Lillo Torregrosa Ciudad de Tafalla
0%
Manuel Turrillas Ezcurra Clarín de Fiestas
0%
Juan Vicente Mas Quiles Clarinera Mayor
0%
José Hugo Martínez Chinesta (Hugo Chinesta) Claudia Villodre
0%
Miguel Ángel Ibiza Zaragozá Clavell Daurat
0%
Víctor Vallés Fornet Cloe Pont Prada
0%
Martín Alonso Pérez Club de Amigos de Radio Andorra
0%
Emilio Pedro Mallol Aicart Club Taurino de Alcora
0%
Eugenio Gómez García Club Taurino of London
0%
Joaquín Cano García Colau
0%
Loreto Perrini Collesano
0%
Pío Díaz Olarte Colosal Torero
0%
Francisco José García García Compañ
0%
Bernardo del Río Parada Compostela
0%
Javier Calderón Zamorano Con Alegría
0%
Alfonso Salvatierra Mesa Con Arte y Delicadeza
0%
Joaquín Montañés Castellano Con Arte y Salero
0%
Aurelio Pérez Perelló Conchín y Conchi
0%
José Rafael Pascual Vilaplana Conchita la Rosera
0%
Bernabé Sanchís Porta Conchita Rubio
0%
Francisco Lacalle Blasco Concierto en La Plaza Mayor
0%
José Carracedo Pousada Condado
0%
Manuel López-Quiroga Miquel Con las Bombas que Tiran
0%
Fernando Ferrer Martínez (Ferrer Ferrán) Consolat de Mar
0%
Mariano Puig Yagó Consuelín Escolástica
0%
Gustavo Pascual Falcó Consuelito Pérez
0%
Fernando Ferrer Martínez (Ferrer Ferrán) Consuelo Císcar
0%
Loreto Perrini Continental
0%
Luis Blanes Arques Contrabandistas 91
0%
Juan Carlos García López Contrabandistes de Moixent
0%
Francisco Esteve Pastor Contrabando Monfortino
0%
José Manuel Juan Sentis Copla Gitana
0%
Antonio Martínez Endique y Manuel Massotti Littel Coplas Murcianas
0%
Juan Solano Pedrero Coplillas de las Divisas
0%
Alfonso Lozano Ruiz Corbatas Verdes
0%
Dámaso Torres García Córdoba Amorosa
0%
Rafael Lledó García Cor i Poble
0%
Joseph Magri Coronation Diploma
0%
Antonio Milán Juan Corsarios de Paterna
0%
Manuel Navarro Mollor Cortes de la Frontera
0%
Faustino del Río Burdiel Coruña
0%
Manuel Vílchez Martínez y José Luis Vílchez Martínez Coso de Santa Margarita
0%
David Fuentes Represa Coso de Utrera
0%
Manuel Lillo Torregrosa Costa Blanca
0%
Manuel Lillo Torregrosa Costa Canaria
0%
Manuel Lillo Torregrosa Costa de Almería
0%
Manuel Lillo Torregrosa Costa del Azahar
0%
Manuel Lillo Torregrosa Costa Dorada
0%
José María Valls Satorres Creu i Mitja Lluna
0%
Luis Araque Sancho Crisol Gitano
0%
Francisco José García García Cristianas de Villena
0%
Miguel Villar González Cristianos 87
0%
Antonio Milán Juan Cristianos en Fiestas
0%
Antonio Guzmán Palomares Cuatro Luceros
0%
Fernando Tormo Ibáñez Cuco
0%
Miguel Ferrer Granell Cuidad de Ponferrada
0%
Óscar Sempere Francés Cuiro i Canya
0%
Francisco Higuero Rosado Cullar Vega
0%
Miguel Gutiérrez Sánchez Curro Caro
0%
Eugenio Gómez García Daniel Blasco
0%
José María Ferrero Pastor Daniel Juan
0%
José Felix García Domínguez David Adalid
0%
Antonio José Sánchez Pedro David Esteve
0%
Abel Moreno Gómez Dávila Miura
0%
Jaime Texidor Dalmau De Andalucía a Aragón
0%
Felipe Moral Serrano De Andalucía a Valencia
0%
José Domingo Castillo Navarro De Fiesta
0%
Francisco Asis Valor Llorens De Fusta a Metall
0%
Luis Carlos Martín Martín-Consuegra De Granada a Daimiel
0%
Aniceto Giner Arranz De Graná y con Arte
0%
Modesto Romero Martínez De Huelva
0%
Godofredo Garrigues Perucho De la Font Bona a la Plaça
0%
Carlos Ferri Reig De la Senia a la Font del Raval
0%
Ignacio Hidalgo Ortiz De la Villa y Corte
0%
Fernando Ugeda Fernández Del Cabezo al Salero
0%
Humberto Ottelo Martínez Aguilar De Madrid a Dosbarrios
0%
Abel Moreno Gómez Denis Loré
0%
Adolfo Campos Pérez De Ribaldavia a Pontevedra
0%
Hilario Olivas Fernández De Romería
0%
Miguel Villar González De Sax a Alagón
0%
José Beteta Martínez Des dels Banyets
0%
Francisco Grau Vegara Desfilan los Moros
0%
Félix Soler Villalba Desfile
0%
Antonio Ferriz Muñoz Desfile Cristiano
0%
Francisco Morales Lozano Despidiendo a un Amigo
0%
Eugenio Gómez García Despierta Susana
0%
Fernando Ferrer Martínez (Ferrer Ferrán) Destellos del Alba
0%
Miguel Rueda Carpio De Torredonjimeno a Italia
0%
Rafael Rebollo Orden De Villanueva es
0%
Alberto Pardo Caturla Día 4 que Fuera
0%
Antonio Milán Juan Día Cinco que Fuera
0%
José Alberto Aznar Asencio Día de Feria
0%
Miguel Martínez Torrubia Diana de San Marcos
0%
Manuel Turrillas Ezcurra Diana nº 1
0%
Manuel Turrillas Ezcurra Diana nº 2
0%
Manuel Turrillas Ezcurra Diana nº 3
0%
Miguel Brotóns Pérez Diario de Ferrol
0%
Francisco Signes Castelló Díaz Naya
0%
Perfecto Artola Prats Diego Utrera
0%
Vicente Ramón Andreu Sanjuán Dinastía Céspedes
0%
Ricardo Freire González Doce Cascabeles
0%
Luis Gila Useros Doctora Lainez
0%
José Carracedo Pousada Doiro
0%
Miguel Ángel Ibiza Zaragozá Dolçainers i Clandestins
0%
Antonio José Sánchez Pedro Dolores Pedro
0%
Francisco Grau Vegara Doña Lola
0%
Manuel Lillo Torregrosa Don Álvaro
0%
Vicente Julio Ortiz Gimeno Don Miguel de la Fuente
0%
Fernando Ferrer Martínez (Ferrer Ferrán) Don Pajarita
0%
Javier Villalobos Martín | Lorenzo Torres Falqués Don Quijote
0%
Fernando Ferrer Martínez (Ferrer Ferrán) Don Víctor
0%
Antonio Ramón Carrillos Colomina Dos Antonios
0%
Godofredo Garrigues Perucho Dos Palos a Tiempo
0%
José María Ferrero Pastor Dos Parelles
0%
Juan Vicente Mas Quiles Dos Sonrisas
0%
Rafael Talens Pelló Dunia Piris
0%
Miguel Ángel Ruiz Risueño Ecos de la Mancha
0%
Víctor Vallés Fornet Ecuador Festero en Villena
0%
Antonio José Sánchez Pedro Eduardo Andreu
0%
Antonio Milán Juan Eduardo Aracil Monllor
0%
Francisco Esteve Pastor Eduardo Borrás
0%
Pascual Martínez Martínez Eduardo Cifre
0%
Juan de Orúe y Matia Eduardo Gómez Gallo
0%
Miguel Ángel Mas Mataix Efeméride
0%
Juan Antonio Penalva Marín El Abuelo Juan
0%
Antonio Jesús Hernández Carmona El Aguaor
0%
José Luis Molina Gomis El Alboroque
0%
José María Fernández Moreno El Alhaurino
0%
José Gómez Villa El Ángel Triunfante
0%
Gonzalo Ortolà Marí El Aprendiz de Torero
0%
Aurelio Pérez Perelló El Arquitecto
0%
Enrique Pastor Celda El Arte de Cúchares
0%
Fernando Tormo Ibáñez El Artístico
0%
Rodrigo Buenestado Ruiz El Barquillero
0%
Gustavo Pascual Falcó El Bequetero
0%
Gustavo Pascual Falcó El Berebere
0%
Carlos Máñez Torrejón El Berro, 100 Años de Vida
0%
Santiago Jesús Rosales Gomera El Bobi
0%
Saül Gómez Soler El Bote
0%
Manuel Turrillas Ezcurra El Bullicio Pamplones
0%
Maurice Alexis Jarre El Café del Estudiante
0%
Aurelio Pérez Perelló El Calero
0%
Eugenio Gómez García El Callejón
0%
Amando Blanquer Ponsoda El Capità i els Cavallers
0%
Óscar Román Guerrero El Charrito
0%
Antonio Milán Juan El Chato
0%
Ramón Estruch García El Chaval
0%
José María Montero Gallegos El Conserje
0%
Blas Meléndez Conde El Coyote
0%
José María Valls Satorres El Cruzárabe
0%
Joaquín Grau Murcia El Despertar
0%
José Manuel Bernal Moreno El Día de la Cruz
0%
Pío Estanislao Federico Chueca y Robres El Dos de Mayo
0%
Manuel Serrapí Sánchez, Juan Valderrama Blanca y Manuel Pitto Santaolalla El Emigrante
0%
Pascual Peris Chirivella El Empastre
0%
Cristian Yuste Valero Elena
0%
Francisco Higuero Rosado El Fandi
0%
Manuel Bosca Cerdá El Fusteret
0%
Eugenio Gómez García El Gran Urbano
0%
Albert Capella Torres Elia
0%
Camilo Pérez Monllor El K'sar el Yedid
0%
Manuel Morales Martínez El Litro
0%
Gaspar Ángel Tortosa Urrea El Lute
0%
José María Valls Satorres El Marxós
0%
Fernando Ferrer Martínez (Ferrer Ferrán) El Meu Iaio
0%
Raúl Carrión Ferris El Mós del Bou
0%
José Calixto Serrano Simeón El Motete
0%
Abel Navarré Dopazo El Musical
0%
Cleto Zavala Arámbarri El Niño de Jerez
0%
José María Ferrero Pastor El Nostre
0%
Juan José Poveda Romero Eloisa Camino
0%
Francisco José Martínez Gallego El Olmo
0%
Miguel Villar González El Pansero
0%
Vicente Llorens Ortiz El Perelló
0%
Jose María Guadalupe Guerrero El Perfecto
0%
Amando Blanquer Ponsoda El Petit Adolfín Bernabeu
0%
Miguel Villar González El Picayo
0%
Jesús Reneses Quintero El Pirata Padilla
0%
Antonio Ferrándiz Montava El Prensat
0%
José Padilla Sánchez El Relicario
0%
José Faus Rodríguez El Rey de los Toreros
0%
Francisco García Alcázar El Rojico
0%
Francisco Sarabia Doñate El Ruiseñor de la Alhambra
0%
Antonio Milán Juan El Sarri
0%
Francisco Tárrega Castellano Els Boïl
0%
Pablo Sánchez Torrella Els Cebers
0%
Alfredo Martos Gómez El Sentir de mi Tierra
0%
Miguel Villar González Els Maseros
0%
Jacinto Guerrero Torres El Sobre Verde
0%
Rafael Talens Pelló Els Pirris
0%
Antonio Ramón Carrillos Colomina Els Preparats
0%
Francisco Esteve Pastor Els Valencians de l'Olleria
0%
Manuel Lillo Torregrosa El Tentadero
0%
Eugenio Gómez García El Tiemblo
0%
Cristian Yuste Valero El Tío Fidel
0%
Antonio Sendra Cebolla El Tío Paella
0%
Luis Serrano Alarcón El Torico Cuerda
0%
Domingo Vela Alcayna El Torico de Chiva
0%
Camilo Pérez Laporta El Transvaal
0%
Gregorio Baudot Puente El Tren de la Alegría
0%
Manuel Lillo Torregrosa El Trincherazo
0%
Casimiro Sendra Serra El Triunfo de Ivarito
0%
Evaristo Pérez Monllor El Turista
0%
Reveriano Soutullo Otero y Juan Bautista Vert Carbonell El Último Romántico
0%
Mario Roig Vila El Valenciano
0%
Antonio Milán Juan El Vivillo
0%
José María Valls Satorres El Walì Marxós
0%
José Miguel Sanjuán Ferrándiz El Whasy
0%
Vicente Llorens Ortiz EMA
0%
Rafael Doménech Pardo Embrujo de Anna
0%
Eugenio Gómez García Embrujo Taurino
0%
Antonio Ramón Carrillos Colomina Emilio Carretón
0%
Gustavo Pascual Falcó Emilio el Chato
0%
Bernardo Adam Ferrero Emilio Giménez
0%
José Damián Cascales Sánchez Emilito
0%
Gaspar Ángel Tortosa Urrea Emiresax
0%
Miguel Villar González Emires de Sax
0%
José Hugo Martínez Chinesta (Hugo Chinesta) Empar Navarro
0%
Pedro Arana Castillo Encarna
0%
Fernando Ugeda Fernández Encarna Leal
0%
José Vicente Egea Insa Encarnita la de Llusian
0%
Rafael Talens Pelló Encarnita y Vicente
0%
José Rafael Pascual Vilaplana Encuentros
0%
Rafael Peralta Torrecilla En el Recuerdo
0%
Fernando Penella Vicens Enguera
0%
José Luis Represas Carrera En Homenaxe a Luis Rodríguez
0%
Manuel Lillo Torregrosa En Madrid de Tapas
0%
Antón Alcalde Rodríguez Enrique López
0%
Simón Couceiro Riveira Enrique Melio
0%
Domingo Vela Alcayna | Enrique Melio Rey Enrique Ponce
0%
Pablo Sánchez Torrella Enrique Soriano
0%
Manuel Morales Martínez Enrique y Paloma
0%
Pedro Joaquín Francés Sanjuán Entrada de Bandas de Elda
0%
David Rivas Domínguez Entre la Caleta y Triana
0%
José Hugo Martínez Chinesta (Hugo Chinesta) Entre Viñas
0%
Loreto Perrini Eroica
0%
Manuel Lillo Torregrosa Escuela Taurina
0%
Rafael Oropesa Clausín Ése es el Mío
0%
Francisco Cano Ruiz Esencia Torera
0%
Juan Jesús López Sandoval Espiga de Oro
0%
Rafael Doménech Pérez Essència
0%
Antonio García del Río Segura Estamos en Fiestas
0%
Manuel Navarro Mollor Estepona, Costa del Sol
0%
José Antonio Vila Tormo Esther
0%
Juan José Visquert Fas Esther Casterà
0%
Antonio Ferriz Muñoz y Alfredo Rojas Navarro Estirpe Berebere
0%
Antonio Jesús Hernández Carmona Estrella Jimenez
0%
Rafael Talens Pelló Estudiantes 89
0%
Alberto Pardo Caturla Estudiantes de Villena
0%
Bernardo Adam Ferrero Eugenia López
0%
José Franco y Ribate Euskal Erriko Abestiyak
0%
Joseph Magri Evergreen
0%
Emilio Cebrián Ruiz Evocación
0%
Eugenio Gómez García Expresión
0%
Juan Gonzalo Gómez Deval y Vicente Julio Soler Solano Extremadura, Música y Vida
0%
Salvador Vicent Molines Fabulero
0%
José Onofre Díez Monzó Falla la Font
0%
Amadeo Vives Roig Fandango
0%
Miguel Sánchez Ruzafa Fandango Cortijero
0%
Manuel Lillo Torregrosa Fandango del Torero
0%
Hans Van Der Heide Fandango Fantasy
0%
Juan Vivas Gómez Fandanguillo de Almería
0%
Francisco Higuero Rosado y Guillermo Sena Medina Fandi, Fandila
0%
Manuel Lillo Torregrosa Faro de Santa Pola
0%
Luis Megías Castilla Farruca Flamenca
0%
Loreto Perrini Fatima
0%
José Carlos Seráns Olveira Faustino Rozalén
0%
Eugenio Gómez García Federación Taurina Vallisoletana
0%
Fernando Ferrer Martínez (Ferrer Ferrán) Federband
0%
Hilario Olivas Fernández Federico Atencia
0%
Francisco José Martínez Gallego Felipe Gómez
0%
Felipe Moral Serrano Feliz Aniversario
0%
Ramón García i Soler Felo
0%
Fernando Esteban Bonete Piqueras Feria de Julio
0%
Juan Marí Asíns Feria de Manizales
0%
Víctor Alfaro Gutierrez Fermín Murillo
0%
Eugenio Gómez García Fernández Alonso
0%
José Vicente Egea Insa Fernandín
0%
Antonio Milán Juan Fernando Calvo
0%
Antonio Domínguez Fernández Fernando Chicote
0%
Francisco José García García Fernando el Corsario
0%
José Grau Benedito Fernando Marzal
0%
Marcos Mato Collazo Fervenza Valguesa
0%
Juan José Visquert Fas Fesca al Carrer
0%
Felipe Codina Cancela Festa na Rúa
0%
Loreto Perrini Festanza
0%
Antonio Milán Juan Festejo Ejemplar
0%
Esteban Esteve Jorge Festers de Sant Miquel
0%
José Domingo Castillo Navarro Festival Musical
0%
Loreto Perrini Festosa
0%
José Vélez García Fidelidad
0%
Ventura Cartagena Guirao Fiel
0%
Felipe Moral Serrano Fiesta de la Aceituna
0%
Ricardo Dorado Janeiro Fiesta en la Aldea
0%
Jaime Texidor Dalmau Fiesta en la Caleta
0%
Miguel Ángel Quintana Toledo Fiesta en los Ruedos
0%
Pedro Abenójar López-Pastor Fiesta en Torralba
0%
Antonio Carmona Reverte Fiesta Española
0%
Manuel Carrascosa García Fiestas en Levante
0%
Cristóbal López Gándara Filarmónicos
0%
Ricardo Dorado Janeiro Filigrana
0%
Rafael Talens Pelló Fina Blasco
0%
Amando Blanquer Ponsoda Final
0%
Antonio Ramón Carrillos Colomina Fineza
0%
Loreto Perrini Fiordiloto
0%
Rafael Talens Pelló Fira d'Onda
0%
Manuel Serna Berná Flamenco y Solo
0%
José Ibáñez Barrachina Flamenquilla
0%
Gaspar Ángel Tortosa Urrea Florencio Guerra
0%
José Medina Ferrer Flores Alacuasenses
0%
Guzmán Cárcel Pedro Flores Españolas
0%
Sergio Mira Jordán Foguera Alacant Golf
0%
Gonzalo Ortolà Marí Fogueres
0%
Salvador Sanchís Colom Fomento Musical
0%
Camilo Pérez Laporta Fontinens
0%
Óscar Navarro González Font Negra
0%
Rafael Doménech Pardo Francisco Antón
0%
Miguel Sánchez Ruzafa Francisco Manuel
0%
Eduardo López Juarranz Frascuelo
0%
Claudio Luis Cascales Montesinos Fuente Honda
0%
Julio Páez Cano Fulgencio Morón
0%
Antonio Milán Juan Gabino
0%
Antonio Ortiz Jiménez Gabriel
0%
Julián Pinilla López Galas Taurinas
0%
Juan Morata García Gala Taurina
0%
Mario Jorda Miralles Galiley
0%
Francisco Javier Marimón Pellicer Ganadería Miralles
0%
Josep Doménec Cano Gracià ¡Garbo y Salero!
0%
Manuel Lillo Torregrosa García Antón
0%
Adrián Silva Magdalena García Fariña
0%
Miguel Villar González Garibaldinos
0%
Antonio José Sánchez Pedro Gastaura
0%
Pablo Sánchez Torrella Gema Aragó
0%
José Alamá Gil Gema Marqués Sánchez
0%
Manuel Palma Morales Generalife
0%
Joaquín Grau Murcia General Interventor Rodríguez Collado
0%
Francisco Sánchez Curto Genial Antoñete
0%
David Rivas Domínguez | Jorge Mora Pardo Genio y Figura
0%
José Antonio Roda Batlle Gente Joven
0%
José Pérez Vilaplana Germana Meua
0%
Cristobal Mora Santos Germanes Navarro
0%
Manuel Lillo Torregrosa Gestora de Sant Vicent
0%
Manuel Fernández Caballero Gigantes y Cabezudos
0%
José Díaz Barceló Giménez Barceló
0%
Pascual Peris Chirivella Giraldillo
0%
Salvatore Pucci Giri di Valzer
0%
Pascual Marquina Narro Gitana del Albaicín
0%
Pablo Cambronero Antigüedad Gitanería Andaluza
0%
Juan de Orúe y Matia Gitanerías
0%
Luis Megías Castilla Gitanillo de Camas
0%
José Franco y Ribate Gitanillo de Triana
0%
Francisco Higuero Rosado y Guillermo Sena Medina Gloria al Maestro Enrique Ponce
0%
Perfecto Artola Prats Gloria al Pueblo
0%
Jaime Texidor Dalmau Gloria al Trabajo
0%
Rafael Talens Pelló Gloria Ramírez
0%
Joseph Magri Golden Arrows
0%
Julián Palanca Masiá Goya
0%
José Susi López Gracia Andaluza
0%
Antonio Milán Juan Gracia Cristiana
0%
José Franco y Ribate Gracia y Belleza
0%
José Domingo Castillo Navarro Gracia y Talento
0%
Francisco Codoñer Pascual Granada, Calle de Elvira
0%
Francisco Alonso López Graná de mi Arma
0%
Rafael Moreno Morente Graná-Ferrol
0%
Dámaso Torres García Granaína y Media
0%
Karl Georg Schumann (Charles Schumann) Granero
0%
Pedro Alféloa Grupo de Forcados Amadores do Montijo
0%
Enrique Igual Blasco Guitarra Española
0%
Dimitri Zinovievich Tiomkin Guns of Navarone
0%
José Vicente Egea Insa Guys Band
0%
Frank Churchill Heigh-Ho
0%
Joseph Magri Hello There
0%
Rafael Talens Pelló Hermanos Falcó
0%
Juan Francisco Sanjuán Rodrigo Herminia
0%
Antonio Milán Juan Herrero Casanova
0%
Quintín Esquembre Saenz Hesperia
0%
Juan Navarrete Pozo Higueruela
0%
Fernando Ferrer Martínez (Ferrer Ferrán) Hijos y Nietos de Antonio Estevan López
0%
Emilio Cebrián Ruiz Himno a Granada
0%
Manuel Navarro Mollor Himno de Estepona
0%
Pablo Sánchez Torrella Himno de Intercomparsas
0%
Fernando Espinar Rodríguez Himno de la Manzanilla
0%
Luis Hernández Navarro y José María Soler García Himno de los Piratas
0%
Agustín Díez Guerrero Himno de Mancha Real
0%
Agostinho Dinis da Cunha Caineta Homenagem ao Professor
0%
Adriano Pereira Homenagem a Palmela
0%
José Pérez Vilaplana | José de la Vega Sánchez Homenaje
0%
José Antonio San Miguel Alfaro Homenaje a José Gombau
0%
Felipe Moral Serrano Homenaje al Maestro Álvarez
0%
Javier Pérez Garrido Homenaje al Maestro Álvarez Alonso
0%
Camilo Pérez Pérez Homenaje a Rodríguez Soto
0%
José Vicente Algado Climent Homenatge
0%
Willy Faust y Johannes Abraham de Meij Honky Tonk Ragtime
0%
Julio Nuel Badía Honrando a Navarra
0%
Francisco Alonso Sánchez Horchatera Valenciana
0%
Sergio Rosado Recio Hormigos
0%
Martín Salas Martínez Huévar
0%
Rodrigo Buenestado Ruiz Hyberia
0%
José María Martín Domingo Icod
0%
Miguel Villar González Idella
0%
Miguel Ángel Ibiza Zaragozá Igor
0%
Fernando Esteban Bonete Piqueras III Centenario
0%
José Domingo Castillo Navarro Íllar
0%
Pedro Joaquín Francés Sanjuán Imatges
0%
Gonzalo Ortolà Marí Imitador de Estrellas
0%
Ernesto Javier García Climent Impressións
0%
Armandino Silva Ribeiro Infantas de Santana
0%
Felipe García Atienzar | Francisco Esteve Pastor In Memoriam
0%
Joseph Magri Innu Pinto
0%
Rafael Doménech Pardo Inquietudes Culturales
0%
Manuel Turrillas Ezcurra Irrintzi de Iruña
0%
Antonio Milán Juan Isa
0%
Antonio Milán Juan Isabel
0%
Pascual Peris Chirivella Isabel María
0%
Eugenio Gómez García Iscar
0%
Eugenio Gómez García Íscar en Fiestas
0%
Manuel Lillo Torregrosa Isla de la Toja
0%
Antonio Ramón Carrillos Colomina Ismael Lorenzo
0%
Rafael Moreno Morente Israel Santos
0%
Pablo Jorge Verdú Fernández Iuvenis
0%
Miguel Ángel Ibiza Zaragozá Iván
0%
Jesús Cipriano Urrutia Gracia Iván Fandiño
0%
Abel Moreno Gómez Jabugo
0%
Eugenio Gómez García JAGG
0%
Carlos Pellicer Andrés Jaibo
0%
José Rafael Pascual Vilaplana JAIM
0%
Bernardo Adam Ferrero Ja t' en has Anat
0%
Miguel Villar González Jenaro Vera
0%
Manuel Lillo Torregrosa Jennifer
0%
Francisco José Martínez Gallego Jesús Duque
0%
José Felix García Domínguez Jiménez Fortes
0%
Fernando Ferrer Martínez (Ferrer Ferrán) Jinbao March
0%
Carlos López Onate JM Manzanares
0%
David Rivas Domínguez Joao Raquel, ¡Va por Usted!
0%
Salvador Chuliá Hernández Joaquín Pedro
0%
Eugenio Gómez García Jonás
0%
José Rafael Pascual Vilaplana Jordi
0%
Francisco Higuero Rosado y Guillermo Sena Medina Jorge Ibáñez, mi Torero
0%
Francisco Esteve Pastor José Almería
0%
Ignacio Sánchez Navarro José Antonio el Sabina
0%
Antonio Milán Juan José Daniel
0%
Antonio Milán Juan José el del Bajo
0%
Juan José Poveda Romero Josefina Romero
0%
Rafael Mullor Grau José Francés
0%
Miguel Ángel Mas Mataix José Garrido
0%
Ricardo Vidal Tolosa Joselillo Cruz
0%
Pascual Marquina Narro Joselito Bienvenida
0%
Santiago Rico García José Luis Gorospe
0%
Gaspar Ángel Tortosa Urrea José Martínez
0%
Santiago Solano Benito José Mayoral
0%
Francisco José Martínez Gallego José Miguel Arroyo
0%
Eugenio Gómez García Jose Miguel Pérez
0%
Manuel Lillo Torregrosa Jotas de Teruel
0%
Felipe Moral Serrano Juan Aguilera
0%
Juan Gonzalo Gómez Deval Juan Ávila
0%
Moisés Martín Tacuri García y Eugenio Gómez García Juan Carlos Cubas
0%
Gaspar Ángel Tortosa Urrea Juan Carlos y Chritian Serrá Micó
0%
Martín Alonso Pérez Juan Fernández
0%
Adrián Meki Sanchís Sarrió Juan i Mati Capitans
0%
Ramón García i Soler Juanín
0%
José Antonio San Miguel Alfaro Juanita de Mayo
0%
Antonio Milán Juan Juan José Muñoz
0%
Vicente Francisco Chuliá Ramiro Juan Lamas
0%
Joaquín Caballero Payán Juan López Morales
0%
Juan Manuel Molina Payá Juan Manuel
0%
Ángel López Carreño Juan María
0%
Francisco Zacarés Fort Juan Reus
0%
José María Valls Satorres Juan Tomás Silvestre
0%
Santiago Rico García Juan Tomé
0%
Felipe Moral Serrano Jugant amb en Pep
0%
Antonio Aguilar de Miguel Julián García
0%
Amando Blanquer Ponsoda Julio Pastor
0%
Saül Gómez Soler Junta Central Fallera
0%
Eugenio Gómez García Justo Berrocal
0%
José Carbonell García Juventud Ibense
0%
Godofredo Garrigues Perucho Kerima
0%
Adriaan Bosch KMK Mars
0%
Camilo Pérez Laporta Krouger
0%
Antonio Ramón Carrillos Colomina La Alberca de Záncara
0%
Vicente Lleó Balbastre La Alegre Trompetería
0%
José Rafael Pascual Vilaplana La Alegría
0%
Miguel Astráin Remón La Alegría en San Fermín
0%
Jacinto Guerrero Torres La Alternativa de Dominguín
0%
Alonso Moreno García La Ascención de Jesús
0%
Fernando Sánchez-Guijaldo Manzaneque La Barila
0%
Raúl Martín Niñerola L' Abuelo Batiste
0%
Rafael Talens Pelló La Cañada
0%
Pablo Luna Carné La Chusma
0%
Manuel Carrascosa García La Comisión
0%
Narciso Lico Carrillo La Consentida
0%
Vicente Lleó Balbastre La Corte del Faraón
0%
Silvanio Cervantes Iñigo La Dominguera
0%
Pablo Sorozábal Mariezkurrena y Luis Fernández García (de Sevilla) La Eterna Canción
0%
Francisco Alonso López La Festa del Poble
0%
Rafael Gascón Aquilué La Gracia Madrileña
0%
Alfredo Guzmán Vargas Lágrimas Celestiales
0%
Francisco García Máximo Lágrimas de Alegría
0%
Manuel Turrillas Ezcurra La Jarana
0%
Ramón Borobia Cetina La Jota de los Toros
0%
Antonio Enrique Galindo Moreno La Juvenil
0%
José María Martín Gallego La Kermés de las Vistillas
0%
José Francisco Molina Pérez L' Alcàsser Contestà
0%
Francisco Esteve Pastor L' Alcoià
0%
Àlex Tena Roca La Lira al Vent
0%
Luis Serrano Alarcón La Lira de Pozuelo
0%
José María Valls Satorres La Lira de Quatretonda
0%
Alejandro Oliver Muncharaz L' Al-liança de Beni Al Arus
0%
Gerónimo Giménez y Bellido La Madre del Cordero
0%
Bernardo Adam Ferrero La Marcelina
0%
Francisco Alonso Sánchez La Mejor del Puerto
0%
Miguel Ángel Ibiza Zaragozá La Meua Dolçainereta
0%
Jordi Pérez Santonja La Meua Il·lusió
0%
Fernando Ferrer Martínez (Ferrer Ferrán) La mia Banda e Differente
0%
Fernando Ferrer Martínez (Ferrer Ferrán) L' Amistat
0%
Manuel Carrascosa García La Morenica
0%
Daniel Ferrero Silvage La Morera
0%
Jacinto Guerrero Torres La Muerte de Manolete
0%
Eduardo Nogueroles Bermúdez La Musical
0%
Francisco José García García La Niña de mis Ojos
0%
Fernando Penella Vicens Lanjarón
0%
José María Valls Satorres La Nova
0%
Mariano San Miguel Urcelay La Oreja de Oro
0%
Fernando Ferrer Martínez (Ferrer Ferrán) La Palmera
0%
Reveriano Soutullo Otero y Lorenzo Andreu Cristóbal La Paloma del Barrio
0%
Francisco Alonso López La Parranda
0%
Francisco Esteve Pastor La Penya el Fare
0%
Francisco Villar Ortiz La Pepa
0%
Francisco Alonso Sánchez La Perfecta Casada
0%
Perfecto Artola Prats La Plana
0%
Francisco Esteve Pastor La Plana de Muro
0%
Manuel García Fuentes La Puerta del Sol
0%
Francisco Signes Castelló La Puntilla
0%
Pedro Navarro Ruano La Recogida
0%
Pedro Joaquín Francés Sanjuán La Replaça
0%
José Vicente Falcó Andrés La Ribera
0%
Fernando Ferrer Martínez (Ferrer Ferrán) La Rodana
0%
Felipe Moral Serrano La Romería
0%
Francisco Alonso Sánchez La Rumbosa
0%
José Domingo Castillo Navarro Las Alpujarras
0%
Antonio Ferriz Muñoz Las Calles de mi Villena
0%
Francisco Alonso López Las Corsarias
0%
Gaspar Ángel Tortosa Urrea Las Currillas de Villena
0%
Genaro Monreal Lacosta Las Españolas
0%
Francisco José García García Las Estudiantes
0%
Francisco José García García Las Furtivas
0%
Jacinto Guerrero Torres Las Mujeres de la Cuesta
0%
José Ibáñez Barrachina Las Musas
0%
Manuel Penella Moreno y Manuel Moncayo Cubas Las Musas Latinas
0%
Francisco José García García Las Piratas
0%
José Antonio San Miguel Alfaro Las Tres Damas
0%
Genaro Monreal Lacosta y Miguel Sánchez Ruzafa La Tani
0%
Saül Gómez Soler La Tata
0%
Ramón García i Soler Laura 1994
0%
Pablo Sánchez Torrella Laura Segura
0%
José Ibáñez Barrachina Laureles de Murcia
0%
Juan Jesús López Sandoval Lauros
0%
Luis Serrano Alarcón La Utielana
0%
Miguel Asins Arbó La Vaquilla
0%
Francisco Esteve Pastor La Vella d' Albaida
0%
Francisco Asis Valor Llorens La Vella d' Alfarrasí
0%
Óscar Navarro González La Vereda
0%
Manuel Carrascosa García La Voz de Buñol
0%
Rafael Oropesa Clausín La Vuelta de Belmonte
0%
Saül Gómez Soler La Xica
0%
Antonio Quintero Ramírez La Zarzamora
0%
Julio Seco Hernández Leandro Marcos
0%
Salvador Giner Vidal L' Entra la Murta
0%
Hans Günter Heumann Le Petit Pierrot
0%
Gaspar Ángel Tortosa Urrea Letur
0%
Mariano Puig Yagó Levant
0%
Francisco Esteve Pastor Liberto Benet
0%
João Queimado Morais y Manuela Sá Machado Teles Santos Lisboa Sempre a Cantar
0%
José Carlos Seráns Olveira Lito
0%
José Pérez Vilaplana Llacer García
0%
José Pareja Casanova Llanero
0%
Miguel Villar González Llaurí
0%
Enrique Gosp Martínez Llevantins
0%
José María Martín Domingo Llíria
0%
José González-Grano de Oro Llorando por Granada
0%
Ramón García i Soler L' Ofrena
0%
Francisco Higuero Rosado Loja
0%
Manuel Alfredo Sánchez Luna (Alfredo Sadel) y Terig Tucci Lola Flores
0%
Teodoro Aparicio Barberán Lola Hilario
0%
Manuel Galduf Verdeguer Lola Luján
0%
Ramón Benavent Peris Lolita Guerola
0%
Fernando Ferrer Martínez (Ferrer Ferrán) López Odero
0%
Indalecio Fernández Groba López Parreño
0%
Josep Doménec Cano Gracià L' Optimista
0%
Fernando Ferrer Martínez (Ferrer Ferrán) Lorena Tomás
0%
Pascual Marquina Narro Lorencín Mendoza
0%
Eugenio Gómez García Lorenzo Gómez
0%
Jacinto Guerrero Torres Los Abanicos
0%
Fernando Ferrer Martínez (Ferrer Ferrán) Los Barbas
0%
Antonio Ferriz Muñoz Los Cabos de Villena
0%
Francisco Sánchez Curto Los Chicos de la Prensa
0%
Gaspar Ángel Tortosa Urrea Los Cristianos a San Blas
0%
Antonio León Piñera Los Dormis
0%
José María Martín Domingo Los Dos Adolfos
0%
Joaquin Grau Murcia y Vicente Delgado Serrano Los Galanes
0%
José Domingo Castillo Navarro Los Jardines de la Alcazaba
0%
Rafael Martínez Coll y Antonio García Cervera Los Marruecos
0%
Antonio Milán Juan Los Maseros de Villena
0%
Fernando Penella Vicens Los Miuras
0%
José Domingo Castillo Navarro Los Monumentos
0%
Antonio Milán Juan Los Morales
0%
Bartolomé Pérez Casas Los Mosqueteros
0%
Javier Villalobos Martín Los Musiquitos
0%
Miguel Ángel Martín Hernández Los Naranjos
0%
Francisco Alonso López y Daniel Montorio Fajó Los Olivaritos
0%
Silvanio Cervantes Iñigo Los Pilindros
0%
Juan Ramón Domingo García Los Rullos
0%
Antonio Milán Juan Los Vigías
0%
Fernando Tormo Ibáñez Luchando
0%
Salvador Chuliá Hernández Lucía Andrés
0%
Gregorio Baudot Puente Lugo-Ferrol
0%
Fernando Ferrer Martínez (Ferrer Ferrán) Luis el Huiso
0%
Lourdes Carrasco Barrera Luis Miguel Amado
0%
José Insa Martínez Luis Sáez
0%
Fernando Moraleda Ortega Luna de España
0%
Timoteo de Urrengoechea Gomeza Luz de Andalucía
0%
Rogelio Gil García Luz de Granada
0%
José Rafael Pascual Vilaplana Machaco
0%
Antonio Milán Juan Maciá Serrano
0%
Joaquín Anaya Garrido Madridejos
0%
Luis Cáceres García Madrid, Viva Madrid
0%
Juan Antonio Barros Jódar Maestranza de Granada
0%
Miguel Ángel Martín Hernández Maestro
0%
Sergio Rosado Recio Maestro Carlos Aguado Aguado
0%
Tulio Gagliardo Varas Maestro Eugenio Gómez
0%
José Domingo Castillo Navarro Maestro Ibáñez
0%
Fernando Ferrer Martínez (Ferrer Ferrán) Maestro Lino
0%
Abraham Padilla Consuegra Maestro Paco Aguilar
0%
Enrique Melio Rey Maestro Puyana
0%
Jaime Augusto Serrano Fernández Maestro Rejano
0%
Antonio Ramón Carrillos Colomina Maestro Zamora
0%
Miguel Villar González Magdalena Maestre
0%
José Rafael Pascual Vilaplana Maido
0%
Perfecto Artola Prats Málaga, Tierra Ideal
0%
Francisco Esteve Pastor Malena
0%
Joaquim Luís Gomes da Silva Malhão de Águeda
0%
Fernando Esteban Bonete Piqueras Manchegas de Albacete
0%
Juan Parra Correoso Manchego
0%
Daniel Martín Rodríguez Manchego y Levantino
0%
Mariano San Miguel Urcelay Manolerías
0%
Fortunato Jiménez Ruiz Manolillo el de Graná
0%
Pedro Arana Castillo Manolo Arana
0%
Francisco José García García Manolo Barragán
0%
Fernando Ferrer Martínez (Ferrer Ferrán) Manolo Morla
0%
Francisco José Martínez Gallego Manolo Navarro
0%
Eugenio Gómez García Manolo Sánchez Moro
0%
Godofredo Garrigues Perucho Manta a Cuadros
0%
Javier Calderón Zamorano Mantillas de Ofrenda
0%
David Rivas Domínguez Manuela Calzada
0%
Antonio Milán Juan Manuel Alonso
0%
Álvaro Ceregido Pérez Manuel el Motorista
0%
Francisco José Andreu Comos Manuel Enguidanos
0%
Óscar Navarro González Manuel Gómez
0%
Vicente Llorens Ortiz Manuel Izquierdo
0%
Alain Machado Rosa Manuel Machado
0%
Antonio Ramón Carrillos Colomina Manuel Ñíguez el Panderas
0%
Felipe Moral Serrano Marcha Conmemorativa
0%
Marco Paulo Massano Lourenço Marcha da Juventude
0%
José María Montero Gallegos Marcha de la Escuela Aver María
0%
Antonio Milán Juan Marchando Juntos
0%
Franz Joseph Haydn March for the Prince of Wales
0%
Gary Stevan Marching Band Rag
0%
John Towner Williams March of the Slave Children
0%
Salvatore Pucci Marcia dei Filibustieri
0%
Wolfgang Amadeus Mozart Marcia Turca
0%
Giuseppe Macchiotti Marcia Universale
0%
Marco Paulo Massano Lourenço Maresía
0%
Braulio Arnal Navarro María Asunción
0%
Benjamín Esparza Gil María de Carlet
0%
Manuel López-Quiroga Miquel María de la O
0%
Pablo Anglés Galindo María del Mar Anglés
0%
Rafael Talens Pelló María Dolores Cervera
0%
Carlos Antonio Valles Donate María Donderis Sanchis
0%
Benjamín Esparza Gil María Esparza
0%
Fernando Ferrer Martínez (Ferrer Ferrán) María Gil Guerrero
0%
Fernando Ferrer Martínez (Ferrer Ferrán) María Gil Herrero
0%
José Carlos Cano Fernández María, la Portuguesa
0%
Rafael Talens Pelló Mari Ángeles González
0%
Rafael Talens Pelló María Pilar Bacete
0%
Javier Martínez Campos María Pilar Giménez Santamarina
0%
Óscar Navarro González María Teresa Lacruz
0%
Rafael Doménech Pérez María Villar
0%
Fernando Ferrer Martínez (Ferrer Ferrán) Mar i Bel
0%
Francisco Higuero Rosado Maribel Calvín
0%
Jorge Adrián Moragues Rubio Maribel Garcimartín
0%
Juan Gonzalo Gómez Deval Mari Carmen Desco
0%
Rafael Doménech Pardo Marina Baixa
0%
Manuel Carrascosa García Marinos Corsarios
0%
Eugenio Gómez García Mario Blasco
0%
Vicente Tomas Catalá Mario el President
0%
Vicente Cortés Fernández Mario Roig
0%
Gaspar Ángel Tortosa Urrea Mari Virtu
0%
Miguel Ángel Ibiza Zaragozá Marruecosax
0%
Antonio Milán Juan Marruecos de Sax
0%
Santiago Revert Cantó Marta
0%
Pedro Sanz Alcover (Pere Sanz) Marta Agustín
0%
Fernando Ferrer Martínez (Ferrer Ferrán) Marta Alandete
0%
José Franco y Ribate Martín Agüero
0%
Martín Alonso Pérez Martín García
0%
Rogelio Groba Groba e Indalecio Fernández Groba Martiñika
0%
Nicolás García Ibáñez Marujita
0%
Miguel Ángel Ibiza Zaragozá Marxa dels Traginers
0%
Giancarlo Gazzani Maryla
0%
Francisco José García García Maseras
0%
Antonio Milán Juan Masero, Masero
0%
Godofredo Garrigues Perucho Más o Menos
0%
Santiago Revert Cantó Matí de Festa
0%
Fernando Esteban Bonete Piqueras Mayo en Fiestas
0%
Miguel Villar González Mayordomía
0%
Miguel Villar González Mazarrota
0%
Manuel Navarro Mollor Mazurca Romántica para Banda
0%
Loreto Perrini Medea
0%
Jaime Ismael Enguídanos Royo Mediterrando
0%
Juan Alborch Miñana Mediterráneo
0%
Joaquín Grau Murcia y Bernabé Sanchis Sanz Mejías el Trompeta
0%
Miguel Ángel Ibiza Zaragozá Mestre Amorós
0%
Javier Martínez Campos Mestre Salanova
0%
Jesús Palacios Montalvo Miguel Alemán
0%
Braulio Arnal Navarro Miguel Ángel Moncholi
0%
José María Arrabal Hipólito Miguel Ángel Perera
0%
Fernando Ferrer Martínez (Ferrer Ferrán) Miguel Carlos Gómez Perona
0%
Enrique Alborch Tarrasó Miguel Crespo
0%
Aurelio Pérez Perelló Miguel Galán
0%
Bernabé Sanchís Porta Miguelito Litri
0%
Saül Gómez Soler Miguel Quiles Rico
0%
Miguel Torres Castellano Miguel y Queta
0%
Fernando Tormo Ibáñez Mi Homenaje
0%
Emilio Molero Monís Mi Huelva Tiene una Ría
0%
Juan Mostazo Morales Mi Jaca
0%
Miguel Ángel Ruiz Risueño Milagros Risueño
0%
José Domingo Castillo Navarro Mio Piqui
0%
Manuel Villacañas Sastre y Francisco Almagro Herrera Mi Ovejita Lucera
0%
Juan Sánchez Gutiérrez Mi pueblo
0%
José Luis Molina Gomis Mirambell Morant
0%
Antonio Milán Juan Mirando al Cielo
0%
Manuel Pitto Santaolalla y Luis Gómez Gutiérrez-Otero Mi Salamanca
0%
Alejandro García Guinot y Francisco Signes Castelló Mis Revoleras
0%
Raúl Fuentes Ferrer Miss Armonica
0%
Javier Calderón Zamorano Mistela y Libricos
0%
Domingo Vela Alcayna Mocholí
0%
José Domingo Castillo Navarro Mogaire
0%
Francisco José Martínez Gallego Molinos de Viento
0%
Antonio Ramón Carrillos Colomina Molí Xorrador
0%
Carlos Javier Rodríguez Fernández Monachil
0%
Miguel Gimeno Pucholt Moncada
0%
David Romero Gisbert Moncholí
0%
Miguel Villar González Monóvar
0%
Raffaele Percopo Montelabbate
0%
Rafael Gascón Aguilue Montes
0%
Fernando Ferrer Martínez (Ferrer Ferrán) Mont Serrat
0%
Abel Moreno Gómez Morante de la Puebla
0%
Manuel Carrascosa García Moras Nuevas
0%
Francisco José García García Moras Viejas
0%
Jorge Ribera Francés Moros de Llidoner
0%
Miguel Villar González Moros de Sax
0%
Juan Lois Diéguez Muiñeira dos Pendellos
0%
Manuel Navarro Mollor Mujer Esteponera
0%
Rafael Jaén García Mujeres y Vino
0%
Francisco Higuero Rosado Mujer Granadina
0%
Eugenio Gómez García Museo Taurino
0%
Fernando Ferrer Martínez (Ferrer Ferrán) Música i Poble
0%
Amando Blanquer Ponsoda Musical Apolo
0%
Lionel Beltrán Cecilia ¡Música Maestro!
0%
Juan Lois Diéguez ¡Música Mestres!
0%
Juan Manuel Molina Millá Música, Toros y Toreros
0%
Manuel Navarro Mollor Música y Cohetes
0%
Fernando Ferrer Martínez (Ferrer Ferrán) Músicos sin Fronteras
0%
Javier Calderón Zamorano Músico y Maestro
0%
Jordi Girbés Trull Músics Sense Fronteres d' Algemesí
0%
Salvador Sanchís Colom Myriam
0%
Miguel Brotóns Pérez Narón, Tierra de Transacos
0%
Manuel Morales Martínez Natural de Oro y Brillantes
0%
Fausto Turell Baldoví Navarrés
0%
Carlos Fausto Bordalo Gomes Dias Navegar, Navegar
0%
Fernando Ferrer Martínez (Ferrer Ferrán) Nelo el Sorlí
0%
Francisco Signes Castelló New York City Club Taurino
0%
Godofredo Garrigues Perucho Nieve y más Nieve
0%
Francisco Higuero Rosado Niños del Mundo
0%
Francisco Codoñer Pascual Nit de Falles
0%
José Luis González Andrades Ñito, Capricho Cueveño
0%
Fernando Ferrer Martínez (Ferrer Ferrán) Nivaria
0%
Francisco García Máximo Noche de Calenda
0%
Rafael Doménech Pardo Noche Fallera
0%
Enrique Pareja Bosch Noches de Baza
0%
Rafael Jaén García No te Vayas de Navarra
0%
Juan Enrique Canet Todolí Novecento
0%
Sergio Mira Jordán Novelda en Fiesta
0%
Vicente Juan Sanoguera Rubio Novella
0%
Antonio Milán Juan Nuestra Bandera
0%
Antonio Milán Juan Nuestra Farola
0%
Francisco José Andreu Comos Nuestras Bandas de Música
0%
Manuel Turrillas Ezcurra Oberena
0%
Amando Blanquer Ponsoda Obertura
0%
Roque Baños López Ocho Apellidos Catalanes
0%
Manuel Iglesias Domínguez O Chopo
0%
Fernando Tormo Ibáñez Octubre en Fiestas
0%
Agripino Lozano Perea Odón
0%
Lionel Beltrán Cecilia Ohana
0%
Stephen Foster Oh! Susanna
0%
Salvador Federico Valverde Ojos Verdes
0%
Ramón García i Soler ¡Olé!, Contrabandistas
0%
Rodrigo Valério Silva y José Llata Fernández Olé Manuel dos Santos
0%
Fernando Ferrer Martínez (Ferrer Ferrán) Olé Toronto
0%
Miguel Villar González Oliva 1990
0%
Abel Moreno Gómez Oliva de la Frontera
0%
Miguel Ángel Ibiza Zaragozá Ol lé!
0%
Fernando Penella Vicens Ondara
0%
Gaspar Ángel Tortosa Urrea Onil, 350 Aniversario
0%
Francisco Higuero Rosado Orgiva
0%
Luis Araque Sancho Original
0%
Víctor Martín Timón Oroel
0%
José María Beño Gómez Oro, Sangre y Sol
0%
Joaquín Blanco Hernández Oro y Sol
0%
Enrique García Rey Ortigueira
0%
Loreto Perrini Osanna
0%
Gregorio Baudot Puente Os Fillos de Canido
0%
José Carracedo Pousada Os Labregos
0%
Pascual Marquina Narro Oviedo
0%
Felipe Moral Serrano Pablo en la Mancha
0%
Raúl Moreno Gómez Pablo Hermoso de Mendoza
0%
José María Martín Domingo Pablo Lalanda
0%
Gaspar Genovés Pitarch Pablo Sánchez Torrella
0%
José Salvador González Moreno Paco Campillo
0%
Juan Pedro Bernabé Poveda Paco Capitán
0%
Gaspar Ángel Tortosa Urrea Paco Cortés
0%
Manuel Lillo Torregrosa Paco el Médico
0%
Francisco Esteve Pastor Paco el Presi
0%
David Romero Gisbert Paco Gimeno
0%
Joaquín Grau Murcia Paco Gómez
0%
Pedro Arana Castillo Paco Huelga
0%
Pedro Arana Castillo Paco Maganto
0%
Antonio Milán Juan Paco Mataix
0%
Carmelo Alonso Bernaola Paco Molero
0%
Miguel Ángel Álvarez Chamorro Paco Molina
0%
José María Valls Satorres Paco Moya
0%
Francisco Higuero Rosado Paco Picado
0%
Roberto Correas Abad Paco Rincón
0%
Antonio Milán Juan Paco Rosique
0%
Gaspar Ángel Tortosa Urrea Paco Urrea
0%
José Faus Rodríguez Paisajes de Granada
0%
Julián Pinilla López Paisajes Nuevos
0%
Alfonso Manuel Moreira Pereira Alves Palha Blanco
0%
Vicente Julio Ortiz Gimeno Palmira Mañez
0%
Francisco Martínez Martín Palos de la Frontera
0%
Manuel Turrillas Ezcurra Pamplona, Feria del Toro
0%
Manuel Turrillas Ezcurra Pamplona, Perla del Norte
0%
Manuel Carrascosa García Panchana y sus Maseros
0%
Godofredo Garrigues Perucho Panorama
0%
Miguel Ángel Ibiza Zaragozá Paquita Torres
0%
Mario Burrull Seco Paquito Muñoz
0%
Aniceto Giner Arranz Paraíso de la Vega
0%
Francisco Higuero Rosado y Guillermo Sena Medina Para Rosa
0%
Narciso Lico Carrillo Parrandero
0%
Pioquinto González García Partiendo Plaza
0%
Juan Amador Jiménez Pasacalles Romero
0%
José Domingo Castillo Navarro Pasa la Banda
0%
Manuel Martín Molinero Pasa la Banda Corpus Christi
0%
Salvador Chuliá Hernández Pascual Cortés
0%
Juan Manuel Cutiño Garrido Paseillo Maestrante
0%
Jorge Adrián Moragues Rubio Paseíllo Musical
0%
Javier Villalobos Martín Pasión Española
0%
Joaquín Tío Ribes Pasión Gitana
0%
Javier Villalobos Martín Pasión por la Música
0%
Gonzalo Ortolà Marí Paso a la Juventud
0%
Antonio Paredes Corbalán Paso a la Manola
0%
Pablo Luna Carné Pasodoble de la Guardia Civil
0%
Genaro Monreal Lacosta Pasodoble, te Quiero
0%
José Aparicio Peiró Patricia
0%
Pedro José Viso Roger Patricia Hernández
0%
José Beteta Martínez Patricia Vázquez
0%
José María Lacalle García Patriota Verdadero
0%
Fernando Ugeda Fernández Patrocinio
0%
Juan Manuel Molina Millá y Juan Cano Murillo Pauli y Blas
0%
Antonio Pedro Claverol Puchalt Pedrito Balañá
0%
José Nieto Lardón Pedrito de Portugal
0%
Francisco Esteve Pastor Pedrito y Manolito
0%
José Carbonell García Pedro Díaz
0%
Gaspar Ángel Tortosa Urrea Pedro Giménez
0%
Antonio Ramón Carrillos Colomina Pedro Roca
0%
Antonio Ramón Carrillos Colomina Pedro Valverde
0%
Pedro Joaquín Francés Sanjuán Pedro y Juan Bautista
0%
José Carbonell García Peña
0%
Eugenio Gómez García Peña Afición Vallisoletana
0%
Juan Amador Jiménez Peña Cultural
0%
Eugenio Gómez García Peña David Luguillano
0%
Juan Jesús López Sandoval Peña del Águila
0%
Felipe Moral Serrano Peña de Martos
0%
Manuel Carrascosa García Peña el Huevo Frito
0%
Juan Aranda Hernández y Manuel Escabias Muñoz Peña Flamenca
0%
Luis Castelló Rizo y Luis Carlos Martín Martín-Consuegra Peña Flamenca La Platería
0%
Gaspar Ángel Tortosa Urrea Peña la Fusa
0%
José Carbonell García Peña Molinar
0%
Luis Megías Castilla Peña Soleares
0%
Julián Pinilla López Peña Taurina Alcarreña
0%
Juan Ángel Picazo López Peña Taurina de Tarazona
0%
Manuel Turrillas Ezcurra Peña Taurina de Valderrobres
0%
Eugenio Gómez García Peña Taurina Noruega
0%
Santiago Bartolomé Ruiz Peña Taurina Soriana
0%
José María Martín Domingo Peña Taurina Vitoriana
0%
Mariano Puig Yagó Peña Vinaza
0%
Javier Martínez Campos Penya 15 d' Agost
0%
Enrique Pastor Celda Pep Barceló
0%
Miguel Villar González Pepe Caja
0%
Santiago Solano Benito Pepe Campos
0%
Jaime Francisco Ripoll Martíns Pepe Coello
0%
José Luis González Andrades Pepe Conde
0%
Francisco Higuero Rosado y Guillermo Sena Medina Pepe Diaz
0%
José Onofre Díez Monzó Pepe el Timbalero
0%
Antonio Milán Juan Pepe Ferri
0%
Juan Sánchez Martínez Pepe Núñez
0%
Jorge Ferrero Silvestre Pepe Quiles
0%
Antonio Ramón Carrillos Colomina Pepe y Rosi
0%
Emilio Caballero Álvarez Pepín Martín Vázquez
0%
Pedro Morales Muñoz Pepín Tejera
0%
Juan José Poveda Romero Pepita Reyes
0%
Rafael Alcaráz Ramis Pepito el Moliner
0%
Santiago Revert Cantó Pepito Insa
0%
José María Valls Satorres Per a la Nova
0%
Salvador Chuliá Hernández Per a Rebeca i Claudia
0%
Antonio Milán Juan Pérez Ortín
0%
Desiderio Artola Tena Perfecto Artola
0%
Julián Pinilla López Perfume de Alborada
0%
Gonzalo Ortolà Marí Perfumes de Francia
0%
Francisco Higuero Rosado Periodista Ángel Guerra
0%
José Domingo Castillo Navarro Petite Vals
0%
Miguel Villar González Petrel
0%
Fernando Ferrer Martínez (Ferrer Ferrán) Pico Paco
0%
Pedro Hernández Garriga Piedra Dorada
0%
José Domingo Castillo Navarro Pierre Luigi
0%
Gaspar Ángel Tortosa Urrea Pintor Andrés Vidal
0%
Martín Alonso Pérez Pinturerías
0%
Antonio Milán Juan Piqueras y sus Realistas
0%
Francisco Evaristo Albert Ricote Piratas 93
0%
Antonio Ramón Carrillos Colomina Piratas de Rojales
0%
José Rico Rico Pirates de Castalla
0%
Aniceto Giner Arranz Pitres
0%
Vicente Iborra Pujalte Pla Ventura
0%
Manuel Navarro Mollor Playas de Estepona
0%
Moisés Martín Tacuri García y Eugenio Gómez García Plaza de Acho Bicentenaria
0%
Abel Moreno Gómez Plaza de España
0%
César Guerrero Moreno Plaza de las Cadenas
0%
Moisés Martín Tacuri García y Eugenio Gómez García Plaza de Toros de Palca
0%
José Domingo Castillo Navarro Plaza de Toros de Roquetas de Mar
0%
Laura Díaz Martínez Plaza de Toros La Merced
0%
Rafael Méndez Arceo Plegaria Taurina
0%
Antonio Milán Juan Plinio
0%
Josep Doménec Cano Gracià Plou i fa Sol
0%
Pedro Joaquín Francés Sanjuán Pluma i Tinter
0%
José Domingo Castillo Navarro Polka March
0%
Fernando Ferrer Martínez (Ferrer Ferrán) Pontones
0%
Jesús María Sánchez Conde Por Calles de Calamonte
0%
Hilario Olivas Fernández Por la Mañana
0%
Juan Mohedo Canales Por los Jarales
0%
Fernando Esteban Bonete Piqueras Por Navarras
0%
Rogelio Groba Groba Porriño
0%
Manuel Jesús García Román Por Santa Águeda Siempre
0%
Manuel López Varela Por Tierras de la Mancha
0%
Miguel Villar González Potríes
0%
Antonio Ramón Carrillos Colomina Presidente Ramón
0%
Attilio Rucano Presolana
0%
Miguel Ângelo Gonçalves Fevereiro Primeiro de Setembro
0%
Santiago Arnaldo Quinto Serna ¡Primero la Música!
0%
Fernando Esteban Bonete Piqueras Privilegios
0%
Luis Enrique Hidalgo Alcaraz Puerta de Hierros
0%
Javier José López Padilla Puerta del Príncipe
0%
Loreto Perrini Puglia
0%
Loreto Perrini Pugliese
0%
José Francisco Muñoz Valls Pumby
0%
Simón Couceiro Riveira Pusiano
0%
Félix Ruiz González Qanshayar
0%
Joseph Magri Qima lill-Banda Pinto
0%
David Arroyo Català Quart en Festes
0%
Manuel Turrillas Ezcurra ¡Qué bien Bailas!
0%
José Rafael Pascual Vilaplana Quebrantà
0%
Gonzalo Ortolà Marí ¡Qué Esperanza, Che!
0%
José Antonio San Miguel Alfaro Que sí, que no
0%
Mercedes Belenguer Machancoses Que Vienen los Rondadores
0%
Antonio Guzmán Amores y José Luis González Andrades ¡Que Viva Estepona!
0%
Rafael Gascón Aquilué Quiebros y Requiebros
0%
Narciso Lico Carrillo Quiero un Café
0%
Edilberto Cipriano de Brito Quinta do Anjo em Festa
0%
Manuel Lillo Torregrosa Quiosco del Retiro
0%
Miguel Villar González Radio Alcira
0%
José Carbonell García Radio Alcoy en 1955
0%
Raúl Martín Niñerola Rafael Agustí
0%
Pedro Arana Castillo Rafael Arana
0%
Carmelo Alonso Bernaola Rafael Azcona
0%
Andrés Muñoz Rivera Rafael de Paula
0%
Rafael Talens Pelló Rafael Mauricio
0%
Fernando Ferrer Martínez (Ferrer Ferrán) Rafael, Paco y Antonio José
0%
Miguel Ángel Mas Mataix Rafael y Alberto
0%
Antonio Milán Juan Rafa Valor
0%
Manuel Lillo Torregrosa Ramillete de Claveles
0%
Bernabé Sanchís Porta Ramiro Miralles
0%
Eligio Vila Vázquez Ramonita
0%
Eugenio Gómez García Ramón Quesada
0%
Paride Lorenzini Rappolina
0%
Miguel Castillo Alfonso Rapsodia Tinerfeña
0%
Fernando Ferrer Martínez (Ferrer Ferrán) Raquel Alario
0%
Félix Ruiz González Raquel Martín
0%
Cristóbal Mora Santos Raquel Sánchez Lacal
0%
José Climent Barber Raval i Vila
0%
Juan Parra Correoso Raza
0%
Ernesto Marquina Narro Raza Calé
0%
Enrique García Rey Rebuldeira
0%
Pedro Bartolomé Jorge Recortes y Virutas
0%
Eugenio Gómez García Recuerdos
0%
Reveriano Soutullo Otero Redondela
0%
Narciso Lico Carrillo Reencuentro
0%
Carlos Pellicer Andrés Regina de Festes
0%
Mario Roig Vila Regina Nostra
0%
Vicente Cortés Fernández Regu el Panader
0%
José María Ferrero Pastor Reina de Fiestas
0%
Ignacio Sánchez Navarro Reina Paloma
0%
Moisés Martín Tacuri García y Eugenio Gómez García Reina Taurina
0%
Narciso Lico Carrillo Remendón
0%
Vicente Cortés Fernández Reme Orts
0%
Juan Manuel Cao González Ribadavia te Saluda Reverente
0%
Manuel Vázquez Gregorio Ribaldavia
0%
Mariano Puig Yagó Ricardo de Fabra
0%
Abel Moreno Gómez Richard Milian
0%
Godofredo Garrigues Perucho Riesgo
0%
José Alfosea Pastor Rigrás
0%
Francisco Lorenzo Otero Río Te
0%
Quintín Somolinos Arias Roberto
0%
Juan Hernando Sanz Roberto Domínguez
0%
Fernando Ferrer Martínez (Ferrer Ferrán) Roberto Forés
0%
Abel Moreno Gómez Roca Rey
0%
José Damián Cascales Sánchez Rodrigo Ochoa
0%
Lionel Beltrán Cecilia Rodríguez Macías
0%
Rafael Talens Pelló Rojosa
0%
Enrique Alborch Tarrasó Romualdo Soler
0%
Loreto Perrini Rondine
0%
José Grau Benedito Roque Baños
0%
Rafael Talens Pelló Rosa Blanquer
0%
Giovanni Galvagno Rosada
0%
Andrés Pérez Fernández Rosal de Plata
0%
Juan Gonzalo Gómez Deval | Rafael Talens Pelló Rosalina
0%
Antón Alcalde Rodríguez Rúa da Fonte
0%
Ángel Luis Fernández Hernández Rubén Marín Bravo
0%
Bernabé Sanchis Porta Ruiz Ferrandis
0%
Luis Megías Castilla Rumores del Sacromonte
0%
Antonio Milán Juan Ruperto Bañón
0%
Sabin Bikandi Belandia y Rafael Sanz Espert Sabas
0%
Felipe Moral Serrano Saga de Músicos
0%
Rogelio Groba Groba Salceda de Caselas
0%
José Manuel Collazo Verde Salcedo
0%
Manuel Font de Anta Salero de Cádiz
0%
Enrique Pareja Bosch Salobreña del Mar
0%
Francisco Pizarro Gómez Salteras
0%
Roberto Trinidad Ramón Salud, María Salud, Mamen y Roberto
0%
Indalecio Fernández Groba Saludo a Lugo
0%
Inocente González Marti Salvador Ochoa Beneyto
0%
Antonio Milán Juan Salva Ochoa
0%
Manuel García Sánchez Samuel Flores
0%
Manuel Font de Anta San Fernando
0%
Gregory Fritze Sanganxa
0%
Jaime Texidor Dalmau Sangre de Artista
0%
Fernando Ferrer Martínez (Ferrer Ferrán) Sanlúcar de Barrameda
0%
Victoriano Francisco Valencia Rincón San Pedro
0%
Joaquin Grau Murcia San Sebas
0%
Alsirio Fernández Rodríguez Santa Eugenia
0%
Ernesto Pérez Rosillo Santander
0%
Lionel Beltrán Cecilia Santiago Mollar
0%
Eugenio Arrios Romero Santo Domingo de la Calzada
0%
Eugenio Gómez García Santos Catalán
0%
Javier Martínez Campos Sant Roc 2011
0%
David Rivas Domínguez Saragüell
0%
Agostinho Dinis da Cunha Caineta Saudação a Sintra
0%
Miguel Villar González Sax 76
0%
Loreto Perrini Segesta
0%
Carlo Scoppetta Sei
0%
José Francisco Molina Pérez Semita Propius
0%
Pasquale Ruggiero Semper Fidelis
0%
Sergio Rosado Recio Señorío de Cebreros
0%
José Alfosea Pastor Señorío Español
0%
Francisco Maganto Pérez Señorío Torreño
0%
Javier Villalobos Martín Sensaciones
0%
Godofredo Garrigues Perucho Sense Barreres
0%
Juan Manuel Molina Millá Sentiment Alacantí
0%
Francisco García Máximo Sentimiento de Mujer
0%
Ignacio Sánchez Navarro Sentir Almogavar
0%
Salvador Luján Martín Sento
0%
Ignacio Sánchez Navarro Serás Capitán
0%
Antonio Ferrándiz Montava Sergio
0%
Mario Roig Vila Sergio Guerola
0%
Javier Martínez Campos Sergi Vicent Navarro
0%
José María Valls Satorres Serpentines i Confetti
0%
Rodrigo García Navarro Serranos del Turia
0%
José Rico Rico Serratella
0%
Robert Meredith Willson Seventy-Six Trombones
0%
José Joaquín Sanjuán Ferrero Shekmeth
0%
Manuel Navarro Mollor Sierra Bermeja
0%
Isidro Coll Ballesteros Sierra Brava
0%
Luis Domínguez Domínguez Sierra de Aracena
0%
Godofredo Garrigues Perucho Sierra Engarcerán
0%
Alejandro del Rio Fernández Siete Rosas
0%
Vicente Lleó Balbastre y Luis Floglietti Alberola Si las Mujeres Mandasen
0%
Manuel Navarro Mollor Siles, Sierra de Segura
0%
Fernando Penella Vicens Silla
0%
Perfecto Artola Prats Silvestre Segarra
0%
Osvaldo Enrique Motto Arenas Si Vas para Chile
0%
Juan Manuel Cutiño Garrido Sochantre Tomás López
0%
David Penadés Fasanar Societat Musical La Nova de Xàtiva
0%
Francisco José Martínez Gallego Sofía Soler
0%
José Domingo Castillo Navarro Sol Andaluz
0%
Jacinto Guerrero Torres Soldadito Español
0%
Pascual Marquina Narro Solera Fina
0%
Francisco Morales Lozano Sol y Estrellas
0%
Eugenio Gómez García Sol y Sombra
0%
Santiago Arnaldo Quinto Serna Sombras y Luces
0%
José Mira Berenguer Som Diferents
0%
Gustavo Pascual Falcó Som i Ho Som D'eixos
0%
Manuel Morales Martínez Soñad el Mar
0%
Ángel Luis Fernández Hernández Soñar en Xirimbao
0%
José Hugo Martínez Chinesta (Hugo Chinesta) Sonia Miralles
0%
Teodoro Aparicio Barberán Sonrisa y Salero
0%
Miguel Ángel Mas Mataix Sorolla
0%
Fernando Díaz Giles Fernández Soy de Aragón
0%
Ricardo Lafuente Aguado Soy Español
0%
Amadeo Vives Roig Soy Madrileña
0%
Joseph Magri Spring Time Waltz
0%
Aurelio Pérez Perelló St Moritz 2003
0%
Alfredo Pucci Stuzzicarella
0%
Víctor García Ríos Suena la Banda de Música
0%
Javier Pérez Garrido Sueño de un Recuerdo
0%
Gaspar Ángel Tortosa Urrea Sueño Galaico
0%
José Ángel Carmona Parra Sueños Festeros
0%
Enrique Pastor Celda Suerte Maestro
0%
Loreto Perrini Supplica
0%
Juan Gonzalo Gómez Deval Susana Remohí
0%
José Carbonell García Suspiros del Serpis
0%
Mario Roig Vila Tabal i Saragüells
0%
Fernando Ferrer Martínez (Ferrer Ferrán) Taoro
0%
Manuel Lillo Torregrosa Tarantely
0%
Alejandro Ortiz Bernabé y Francisco Jesús Martínez Oliva Tarde de Abril
0%
Martín Salas Martínez Tarde de Luces
0%
Sergio Jiménez Lacima Tardes de Triunfo
0%
Javier Calderón Zamorano Taruguete
0%
Aurelio Pérez Perelló Teatro Montecarlo
0%
Carlos Aguado Aguado Teleco
0%
Fernando Esteban Bonete Piqueras Temple
0%
Iñaki Ramos Zugasti Tendido nº 7
0%
Rafael Talens Pelló Teresa Badenes
0%
Mario Roig Vila Teresa Silvestre
0%
Antonio Ramón Carrillos Colomina Thaderia
0%
Maurice Alexis Jarre The Longest Day
0%
Joseph Magri The Matador
0%
José Rafael Pascual Vilaplana Tibilena
0%
Amadeo Sánchez López Tierra Natal
0%
Juan Calatayud Castelló Tinet
0%
Fernando Ferrer Martínez (Ferrer Ferrán) Tío Alberola
0%
Jordi Girbés Trull Tio Luís
0%
José Francisco Ortín Bernal Tito Presidente
0%
Román de San José Redondo Todos son Nubes
0%
José Luis Molina Gomis Tollos
0%
José María Arrabal Hipólito Tomás Angulo
0%
José Plá Herrero Tomás García
0%
Pedro Abenójar López-Pastor Tomas Santa Cruz
0%
Gaspar Ángel Tortosa Urrea Toni López
0%
Adolfo Montero Molina Toros en Granada
0%
Enrique Torró Insa Torreblanca
0%
Ricardo Dorado Janeiro Torre del Oro
0%
Juan José Poveda Romero Torrentins
0%
Gustavo Pascual Falcó Tots Menos Uno
0%
Vicente Mari Bas Laredo Tres Veces Guapa
0%
José Font de Anta Triana en Fiestas
0%
Víctor García Ríos ¡Triunfantes Vamos!
0%
Manuel Lillo Torregrosa Triver
0%
Manuel Antonio Herrera Moya Trofeo Lagartijo
0%
Antonio Milán Juan Tronío
0%
José Antonio San Miguel Alfaro Troyano
0%
Rafael Alcaráz Ramis Turballos, Cau de Raboses
0%
Francisco Alonso López Una Mujer Madrileña
0%
Antonio Milán Juan Un Buen Amigo
0%
Florencio Ledesma Estrada y Rafael Oropesa Clausín Un Buen Par
0%
Eugenio Macián Cervelló Un día de dobla
0%
Javier Villalobos Martín Unidos por la Música
0%
Narciso Lico Carrillo Unificación Serrana
0%
José Salvador González Moreno Unió Musical D' Alaquàs
0%
José Ramón Sancho Vidal Unió Musical de Betxí
0%
Rafael Mullor Grau Unió Musical de Montesa
0%
Fernando Tormo Ibáñez Unión Musical
0%
Jesús Añó Martínez Unión Musical Cartagonova
0%
Felipe García Atienzar Unión Musical de Fuente Álamo
0%
Miguel Villar González Unión Musical de Sax
0%
Fernando Penella Vicens Unión Musical Juvenil
0%
Julio Laporta Hellín Un Moble Més
0%
Ignacio Baleztena Ascárate Uno de Enero
0%
Manuel Lillo Torregrosa Un Poleo
0%
Antonio Sendra Cebolla Un Siglo de Tauromaquia en Sanlúcar
0%
Gaspar Genovés Pitarch València Algemesí
0%
Miguel Pascual Ferrer Valencia Liria
0%
José Aparicio Peiró Valencia-Sao Paulo
0%
Manuel Lillo Torregrosa Valeria Oliver
0%
Saül Gómez Soler Va per les Seques
0%
Olegario Roig Camarasa Vaquerito
0%
José María Martín Domingo Ven Cirila, Ven
0%
Josep Doménec Cano Gracià Vent de L' Illa
0%
Gaspar Ángel Tortosa Urrea Vergantines de Villena
0%
Jesús Ufano Cervantes Verónica
0%
Manuel Vílchez Martínez Vica
0%
Jesús Añó Martínez Vicente Añó
0%
Vicente Ramón Andreu Sanjuán Vicente Barrera
0%
Manuel Lillo Torregrosa Vicente Ferrero
0%
Leo Pérez Valls Vicente Pérez Pla
0%
Alfonso Márquez Hernández Vicente Ruiz Monrabal
0%
Enrique Alborch Tarrasó Vicent Tarrasó
0%
José García Pastor | José María Montero Gallegos Victoria
0%
Carlos Martín Jara Victoria Jara
0%
Nuria Francés Miralles Víctor Mira
0%
José Ramón Carballo Gambín Vidal Hermanos
0%
Alain Machado Rosa Vidigueira
0%
Miguel Ángel Ruiz Risueño Vientos de la Manchuela
0%
Saül Gómez Soler Vilasilvana
0%
Daniel Juan Ferrero Silvage Villa de Ortigueira
0%
Miguel Brotóns Pérez Villafranqueza
0%
Francisco Martínez Martín Villalba del Alcor
0%
Fernando Ugeda Fernández Villena Festera
0%
Pedro Joaquín Francés Sanjuán Villenerías
0%
Francisco Navarro Lara Virgen de la Salud
0%
José Insa Martínez Visca la Festa
0%
Fernando Ferrer Martínez (Ferrer Ferrán) Visi la Modista
0%
Lorenzo Suárez Godoy Viva el Ejército Español
0%
Manuel Álvarez-Beigbeder Pérez (Manuel Alejandro) Viva el Pasodoble
0%
Cleto Zavala Arámbarri Viva el Rumbo
0%
Felipe Campuzano López ¡Viva Estepona!
0%
Francisco Alonso López Viva Graná
0%
Manuel Lillo Torregrosa Viva la Fiesta
0%
Pascual Marquina Narro Viva la Jota
0%
Santiago Ramos Castro ¡Viva Manolo Vázquez!
0%
David Torres Fernández Viva mi Pueblo
0%
Miguel Villar González Viva San Blas
0%
Manuel Penella Moreno Viva Valencia
0%
Rafael Gascón Aquilué Vive Mon Pays
0%
Juan Carlos Gamino Rodríguez Vivencias Taurinas
0%
Eloy García López Vuelta al Ruedo
0%
José Beteta Martínez X Aniversari Falla Ausiàs March
0%
Ramón García i Soler Ximo Soler
0%
José Luis Represas Carrera Xinzo
0%
Juan Luis Bago Plaza Xodaríes
0%
Manuel Bonilla Cascado XX Aniversario
0%
Jesús Alonso Cuesta XXV Aniversario
0%
José Rafael Pascual Vilaplana Yakka
0%
Juan Vicente Mas Quiles Y las Sonrisas Fueron Seis
0%
Rafael Talens Pelló Yolanda Sánchez
0%
Miguel Villar González Zafor
0%
Gerónimo Giménez y Bellido Zapateado
0%
Miguel Villar González Zíngaros 95
0%
Jose María Guadalupe Guerrero Zoco Granadino
0%
No se encontraron pruebas coincidentes
Distribución de puntuación
Porcentaje de gente con cada puntuación
Porcentaje por número respondido
Historial de tus puntuaciones
No has intentado esta prueba.